Statistiques concernant Trouvez le pays mystère en utilisant des indices - Aléatoire

Cliquez ici pour prendre le quiz!

Statistiques générales

  • Ce quiz a été pris 540 286 fois
  • Le résultat moyen est 50 sur 196

Réponses sur la Carte

Les réponses sont colorées sur une échelle allant du rouge au vert en fonction du pourcentage des utilisateurs qui les ont devinées à leur premier essai. Vous pouvez retrouver ces pourcentages ci-dessous.
 

Statistiques - réponses

PaysPays% Correct
PaysFrance
90%
PaysFrance
88%
PaysFrance
87%
PaysFrance
86%
PaysFrance
85%
PaysFrance
84%
PaysFrance
83%
PaysFrance
82%
PaysFrance
81%
PaysFrance
80%
PaysFrance
78%
PaysPologne
76%
PaysÉtats-Unis
74%
PaysEspagne
73%
PaysRussie
73%
PaysBrésil
70%
PaysChine
70%
PaysÉtats-Unis
70%
PaysItalie
70%
PaysRussie
70%
PaysAllemagne
69%
PaysEspagne
69%
PaysÉtats-Unis
69%
PaysPortugal
69%
PaysCanada
68%
PaysÉtats-Unis
68%
PaysBrésil
67%
PaysÉtats-Unis
67%
PaysArgentine
66%
PaysBelgique
66%
PaysColombie
66%
PaysÉtats-Unis
66%
PaysPologne
66%
PaysRussie
66%
PaysSuisse
66%
PaysAlgérie
65%
PaysChili
65%
PaysMaroc
65%
PaysPologne
65%
PaysRoyaume-Uni
65%
PaysRussie
65%
PaysAustralie
64%
PaysCanada
64%
PaysCuba
64%
PaysEspagne
64%
PaysÉtats-Unis
64%
PaysInde
64%
PaysJapon
64%
PaysMexique
64%
PaysParaguay
64%
PaysPérou
64%
PaysRépublique Démocratique
du Congo
64%
PaysRépublique du Congo
64%
PaysRussie
64%
PaysBolivie
63%
PaysChine
63%
PaysCorée du Sud
63%
PaysCosta Rica
63%
PaysDanemark
63%
PaysÉtats-Unis
63%
PaysIrlande
63%
PaysPanama
63%
PaysPays-Bas
63%
PaysRussie
63%
PaysUkraine
63%
PaysUruguay
63%
PaysVenezuela
63%
PaysAfrique du Sud
62%
PaysAllemagne
62%
PaysAutriche
62%
PaysCambodge
62%
PaysCameroun
62%
PaysCanada
62%
PaysChine
62%
PaysChypre
62%
PaysCorée du Nord
62%
PaysCroatie
62%
PaysÉgypte
62%
PaysÉquateur
62%
PaysÉtats-Unis
62%
PaysFinlande
62%
PaysGrèce
62%
PaysGuatemala
62%
PaysGuyana
62%
PaysHongrie
62%
PaysIslande
62%
PaysItalie
62%
PaysLettonie
62%
PaysLituanie
62%
PaysLuxembourg
62%
PaysMali
62%
PaysMonaco
62%
PaysMongolie
62%
PaysNicaragua
62%
PaysNorvège
62%
PaysPakistan
62%
PaysPologne
62%
PaysRussie
62%
PaysSuède
62%
PaysSuriname
62%
PaysTunisie
62%
PaysTurquie
62%
PaysAfghanistan
61%
PaysAlbanie
61%
Pays Andorre
61%
PaysAngola
61%
PaysAntigua-et-Barbuda
61%
PaysArabie Saoudite
61%
PaysArgentine
61%
PaysArménie
61%
PaysBahamas
61%
PaysBelize
61%
PaysBénin
61%
PaysBiélorussie
61%
PaysBotswana
61%
PaysBulgarie
61%
PaysCap-Vert
61%
PaysChine
61%
PaysComores
61%
PaysCôte d'Ivoire
61%
PaysDjibouti
61%
PaysDominique
61%
PaysÉmirats Arabes Unis
61%
PaysÉrythrée
61%
PaysEstonie
61%
PaysÉthiopie
61%
PaysFidji
61%
PaysGabon
61%
PaysGéorgie
61%
PaysGhana
61%
PaysGuinée
61%
PaysHaïti
61%
PaysHonduras
61%
PaysIndonésie
61%
PaysIrak
61%
PaysIran
61%
PaysJamaïque
61%
PaysJordanie
61%
PaysKazakhstan
61%
PaysKenya
61%
PaysKirghizistan
61%
PaysKosovo
61%
PaysKoweït
61%
PaysLaos
61%
PaysLiban
61%
PaysLiberia
61%
PaysLibye
61%
PaysMacédoine du Nord
61%
PaysMadagascar
61%
PaysMalaisie
61%
PaysMalawi
61%
PaysMalte
61%
PaysMauritanie
61%
PaysMonténégro
61%
PaysNamibie
61%
PaysNépal
61%
PaysNiger
61%
PaysNigeria
61%
PaysNouvelle-Zélande
61%
PaysOman
61%
PaysOuganda
61%
PaysOuzbékistan
61%
PaysPalaos
61%
PaysPapouasie-Nouvelle-
Guinée
61%
PaysPhilippines
61%
PaysQatar
61%
PaysRépublique Dominicaine
61%
PaysRépublique Tchèque
61%
PaysRoumanie
61%
PaysRussie
61%
PaysRwanda
61%
PaysSaint-Marin
61%
PaysSaint-Vincent-et-les-
Grenadines
61%
PaysSalvador
61%
PaysSénégal
61%
PaysSerbie
61%
PaysSingapour
61%
PaysSlovaquie
61%
PaysSlovénie
61%
PaysSyrie
61%
PaysTadjikistan
61%
PaysTaïwan
61%
PaysTanzanie
61%
PaysTchad
61%
PaysThaïlande
61%
PaysTimor Oriental
61%
PaysTogo
61%
PaysTrinité-et-Tobago
61%
PaysTurkménistan
61%
PaysVatican
61%
PaysViêt Nam
61%
PaysYémen
61%
PaysZambie
61%
PaysZimbabwe
61%
PaysAzerbaïdjan
60%
PaysBahreïn
60%
PaysBangladesh
60%
PaysBarbade
60%
PaysBhoutan
60%
PaysBirmanie
60%
PaysBosnie-Herzégovine
60%
PaysBrésil
60%
PaysBrunei
60%
PaysBurkina Faso
60%
PaysBurundi
60%
PaysCanada
60%
PaysChine
60%
PaysEspagne
60%
PaysEswatini
60%
PaysÉtats Fédérés de Micronésie
60%
PaysÉtats-Unis
60%
PaysGambie
60%
PaysGrenade
60%
PaysGuinée-Bissau
60%
PaysGuinée Équatoriale
60%
PaysÎles Marshall
60%
PaysÎles Salomon
60%
PaysIsraël
60%
PaysKiribati
60%
PaysLesotho
60%
PaysLiechtenstein
60%
PaysMaldives
60%
PaysMaurice
60%
PaysMoldavie
60%
PaysMozambique
60%
PaysNauru
60%
PaysPays Mystérieux (Canada)
60%
PaysPologne
60%
PaysRépublique Centrafricaine
60%
PaysRussie
60%
PaysSaint-Christophe-
et-Niévès
60%
PaysSainte-Lucie
60%
PaysSamoa
60%
PaysSao Tomé-et-Principe
60%
PaysSeychelles
60%
PaysSierra Leone
60%
PaysSomalie
60%
PaysSoudan
60%
PaysSoudan du Sud
60%
PaysSri Lanka
60%
PaysTonga
60%
PaysTuvalu
60%
PaysVanuatu
60%
PaysAllemagne
59%
PaysCanada
59%
PaysChine
59%
PaysEspagne
59%
PaysÉtats-Unis
59%
PaysPologne
59%
PaysPortugal
59%
PaysRussie
59%
PaysChine
58%
PaysÉtats-Unis
58%
PaysPologne
58%
PaysPortugal
58%
PaysRussie
58%
PaysAlgérie
57%
PaysBrésil
57%
PaysChili
57%
PaysChine
57%
PaysEspagne
57%
PaysÉtats-Unis
57%
PaysItalie
57%
PaysRussie
57%
PaysAustralie
56%
PaysBrésil
56%
PaysCanada
56%
PaysÉtats-Unis
56%
PaysMaroc
56%
PaysMexique
56%
PaysPologne
56%
PaysRoyaume-Uni
56%
PaysRussie
56%
PaysAllemagne
55%
PaysAustralie
55%
PaysBrésil
55%
PaysCanada
55%
PaysChine
55%
PaysColombie
55%
PaysEspagne
55%
PaysÉtats-Unis
55%
PaysMexique
55%
PaysRussie
55%
PaysArgentine
54%
PaysBelgique
54%
PaysBrésil
54%
PaysCanada
54%
PaysChine
54%
PaysEspagne
54%
PaysÉtats-Unis
54%
PaysMexique
54%
PaysPologne
54%
PaysRussie
54%
PaysSuisse
54%
PaysAlgérie
53%
PaysAllemagne
53%
PaysAustralie
53%
PaysBrésil
53%
PaysChine
53%
PaysEspagne
53%
PaysÉtats-Unis
53%
PaysItalie
53%
PaysJapon
53%
PaysMexique
53%
PaysPérou
53%
PaysRoyaume-Uni
53%
PaysRussie
53%
PaysAustralie
52%
PaysBolivie
52%
PaysCanada
52%
PaysChine
52%
PaysDanemark
52%
PaysEspagne
52%
PaysÉtats-Unis
52%
PaysInde
52%
PaysRussie
52%
PaysVenezuela
52%
PaysAfrique du Sud
51%
PaysArgentine
51%
PaysChili
51%
PaysChine
51%
PaysEspagne
51%
PaysÉtats-Unis
51%
PaysItalie
51%
PaysMaroc
51%
PaysPanama
51%
PaysPologne
51%
PaysPortugal
51%
PaysRépublique Démocratique
du Congo
51%
PaysRépublique du Congo
51%
PaysRussie
51%
PaysAlgérie
50%
PaysAllemagne
50%
PaysAustralie
50%
PaysBrésil
50%
PaysChine
50%
PaysCuba
50%
PaysDanemark
50%
PaysÉquateur
50%
PaysEspagne
50%
PaysÉtats-Unis
50%
PaysInde
50%
PaysIrlande
50%
PaysMonaco
50%
PaysNorvège
50%
PaysParaguay
50%
PaysPologne
50%
PaysRussie
50%
PaysSuède
50%
PaysSuisse
50%
PaysTunisie
50%
PaysAllemagne
49%
PaysArgentine
49%
PaysAustralie
49%
PaysBelgique
49%
PaysCanada
49%
PaysChine
49%
PaysColombie
49%
PaysÉgypte
49%
PaysEspagne
49%
PaysÉtats-Unis
49%
PaysFinlande
49%
PaysItalie
49%
PaysJapon
49%
PaysMexique
49%
PaysMongolie
49%
PaysParaguay
49%
PaysPays-Bas
49%
PaysPologne
49%
PaysPortugal
49%
PaysTurquie
49%
PaysUruguay
49%
PaysAfrique du Sud
48%
PaysAlbanie
48%
PaysAllemagne
48%
PaysAutriche
48%
PaysBelize
48%
PaysBolivie
48%
PaysBrésil
48%
PaysCanada
48%
PaysChine
48%
PaysCorée du Sud
48%
PaysCosta Rica
48%
PaysEspagne
48%
PaysÉtats-Unis
48%
PaysGrèce
48%
PaysGuatemala
48%
PaysGuyana
48%
PaysHonduras
48%
PaysHongrie
48%
PaysInde
48%
PaysIndonésie
48%
PaysIslande
48%
PaysItalie
48%
PaysJapon
48%
PaysKazakhstan
48%
PaysLibye
48%
PaysLituanie
48%
PaysLuxembourg
48%
PaysMali
48%
PaysMexique
48%
PaysNicaragua
48%
PaysPanama
48%
PaysPologne
48%
PaysRoumanie
48%
PaysSénégal
48%
PaysSuriname
48%
PaysTogo
48%
PaysUkraine
48%
PaysAlgérie
47%
Pays Andorre
47%
PaysAngola
47%
PaysArabie Saoudite
47%
PaysBahamas
47%
PaysBénin
47%
PaysBiélorussie
47%
PaysBrésil
47%
PaysBulgarie
47%
PaysCameroun
47%
PaysCanada
47%
PaysChine
47%
PaysChypre
47%
PaysComores
47%
PaysCorée du Nord
47%
PaysCôte d'Ivoire
47%
PaysCroatie
47%
PaysDanemark
47%
PaysÉgypte
47%
PaysÉmirats Arabes Unis
47%
PaysEspagne
47%
PaysEstonie
47%
PaysÉtats-Unis
47%
PaysGabon
47%
PaysGhana
47%
PaysGuinée
47%
PaysHaïti
47%
PaysIrak
47%
PaysIran
47%
PaysIslande
47%
PaysItalie
47%
PaysJamaïque
47%
PaysJapon
47%
PaysKenya
47%
PaysLaos
47%
PaysLettonie
47%
PaysLiban
47%
PaysMacédoine du Nord
47%
PaysMadagascar
47%
PaysMalaisie
47%
PaysMalte
47%
PaysMaroc
47%
PaysMauritanie
47%
PaysMexique
47%
PaysMoldavie
47%
PaysNépal
47%
PaysNiger
47%
PaysNigeria
47%
PaysNouvelle-Zélande
47%
PaysOuzbékistan
47%
PaysPakistan
47%
PaysPays-Bas
47%
PaysPologne
47%
PaysPortugal
47%
PaysQatar
47%
PaysRépublique Démocratique
du Congo
47%
PaysRépublique du Congo
47%
PaysRoyaume-Uni
47%
PaysSalvador
47%
PaysSerbie
47%
PaysSlovénie
47%
PaysSoudan
47%
PaysSuède
47%
PaysSuisse
47%
PaysTaïwan
47%
PaysThaïlande
47%
PaysVatican
47%
PaysVenezuela
47%
PaysViêt Nam
47%
PaysAfghanistan
46%
PaysAfrique du Sud
46%
PaysAlbanie
46%
PaysAllemagne
46%
PaysAntigua-et-Barbuda
46%
PaysArménie
46%
PaysAustralie
46%
PaysAzerbaïdjan
46%
PaysBahreïn
46%
PaysBangladesh
46%
PaysBarbade
46%
PaysBelgique
46%
PaysBhoutan
46%
PaysBirmanie
46%
PaysBosnie-Herzégovine
46%
PaysBotswana
46%
PaysBrésil
46%
PaysBrunei
46%
PaysBurkina Faso
46%
PaysBurundi
46%
PaysCambodge
46%
PaysCanada
46%
PaysCap-Vert
46%
PaysChine
46%
PaysColombie
46%
PaysDjibouti
46%
PaysDominique
46%
PaysÉquateur
46%
PaysÉrythrée
46%
PaysEspagne
46%
PaysEstonie
46%
PaysEswatini
46%
PaysÉtats Fédérés de Micronésie
46%
PaysÉthiopie
46%
PaysFidji
46%
PaysFinlande
46%
PaysGambie
46%
PaysGéorgie
46%
PaysGrenade
46%
PaysGuinée-Bissau
46%
PaysGuinée Équatoriale
46%
PaysÎles Marshall
46%
PaysÎles Salomon
46%
PaysInde
46%
PaysIrlande
46%
PaysIsraël
46%
PaysItalie
46%
PaysJordanie
46%
PaysKirghizistan
46%
PaysKiribati
46%
PaysKosovo
46%
PaysKoweït
46%
PaysLesotho
46%
PaysLiberia
46%
PaysLiechtenstein
46%
PaysMalawi
46%
PaysMaldives
46%
PaysMaroc
46%
PaysMaurice
46%
PaysMonaco
46%
PaysMongolie
46%
PaysMonténégro
46%
PaysMozambique
46%
PaysNamibie
46%
PaysNauru
46%
PaysNorvège
46%
PaysNouvelle-Zélande
46%
PaysOman
46%
PaysOuganda
46%
PaysPakistan
46%
PaysPalaos
46%
PaysPapouasie-Nouvelle-
Guinée
46%
PaysPays Mystérieux (Uruguay)
46%
PaysPhilippines
46%
PaysPologne
46%
PaysRépublique Centrafricaine
46%
PaysRépublique Dominicaine
46%
PaysRépublique Tchèque
46%
PaysRoyaume-Uni
46%
PaysRussie
46%
PaysRwanda
46%
PaysSaint-Christophe-
et-Niévès
46%
PaysSainte-Lucie
46%
PaysSaint-Marin
46%
PaysSaint-Vincent-et-les-
Grenadines
46%
PaysSamoa
46%
PaysSao Tomé-et-Principe
46%
PaysSeychelles
46%
PaysSierra Leone
46%
PaysSingapour
46%
PaysSlovaquie
46%
PaysSomalie
46%
PaysSoudan du Sud
46%
PaysSri Lanka
46%
PaysSuède
46%
PaysSyrie
46%
PaysTadjikistan
46%
PaysTanzanie
46%
PaysTchad
46%
PaysTimor Oriental
46%
PaysTonga
46%
PaysTrinité-et-Tobago
46%
PaysTunisie
46%
PaysTurkménistan
46%
PaysTurquie
46%
PaysTuvalu
46%
PaysUkraine
46%
PaysVanuatu
46%
PaysYémen
46%
PaysZambie
46%
PaysZimbabwe
46%
PaysArgentine
45%
PaysAustralie
45%
PaysAutriche
45%
PaysBelgique
45%
PaysBrésil
45%
PaysChine
45%
PaysColombie
45%
PaysCorée du Sud
45%
PaysCosta Rica
45%
PaysCuba
45%
PaysÉgypte
45%
PaysEspagne
45%
PaysÉtats-Unis
45%
PaysGrèce
45%
PaysGuatemala
45%
PaysGuyana
45%
PaysHongrie
45%
PaysInde
45%
PaysIslande
45%
PaysItalie
45%
PaysJapon
45%
PaysLettonie
45%
PaysLituanie
45%
PaysLuxembourg
45%
PaysMali
45%
PaysMaroc
45%
PaysMexique
45%
PaysMonaco
45%
PaysMongolie
45%
PaysPérou
45%
PaysPologne
45%
PaysPortugal
45%
PaysRussie
45%
PaysSuriname
45%
PaysTunisie
45%
PaysUkraine
45%
PaysAlbanie
44%
PaysAlgérie
44%
PaysAllemagne
44%
Pays | Pays Andorre
44%
PaysAngola
44%
PaysArabie Saoudite
44%
PaysArgentine
44%
PaysArménie
44%
PaysBelize
44%
PaysBiélorussie
44%
PaysBosnie-Herzégovine
44%
PaysChili
44%
PaysChypre
44%
PaysComores
44%
PaysCorée du Nord
44%
PaysCosta Rica
44%
PaysCôte d'Ivoire
44%
PaysCroatie
44%
PaysEspagne
44%
PaysEstonie
44%
PaysÉthiopie
44%
PaysGhana
44%
PaysGrèce
44%
PaysHaïti
44%
PaysHonduras
44%
PaysInde
44%
PaysIndonésie
44%
PaysIran
44%
PaysIsraël
44%
PaysItalie
44%
PaysJapon
44%
PaysKazakhstan
44%
PaysKenya
44%
PaysLaos
44%
PaysLettonie
44%
PaysLiban
44%
PaysLibye
44%
PaysMacédoine du Nord
44%
PaysMadagascar
44%
PaysMali
44%
PaysMalte
44%
PaysMauritanie
44%
PaysNicaragua
44%
PaysNiger
44%
PaysNigeria
44%
PaysNouvelle-Zélande
44%
PaysPalaos
44%
PaysPanama
44%
PaysPapouasie-Nouvelle-
Guinée
44%
PaysParaguay
44%
PaysPhilippines
44%
PaysPologne
44%
PaysRépublique Tchèque
44%
PaysRoumanie
44%
PaysSénégal
44%
PaysSerbie
44%
PaysSlovaquie
44%
PaysSlovénie
44%
PaysSoudan
44%
PaysSuisse
44%
PaysTurquie
44%
PaysYémen
44%
PaysAfghanistan
43%
PaysAlgérie
43%
PaysAllemagne
43%
PaysAntigua-et-Barbuda
43%
PaysArgentine
43%
PaysArménie
43%
PaysAustralie
43%
PaysAzerbaïdjan
43%
PaysBahamas
43%
PaysBahreïn
43%
PaysBangladesh
43%
PaysBarbade
43%
PaysBelgique
43%
PaysBénin
43%
PaysBhoutan
43%
PaysBiélorussie
43%
PaysBirmanie
43%
PaysBolivie
43%
PaysBotswana
43%
PaysBrésil
43%
PaysBrunei
43%
PaysBulgarie
43%
PaysBurkina Faso
43%
PaysBurundi
43%
PaysCambodge
43%
PaysCameroun
43%
PaysCanada
43%
PaysCap-Vert
43%
PaysChili
43%
PaysChine
43%
PaysChypre
43%
PaysCorée du Nord
43%
PaysCorée du Sud
43%
PaysCosta Rica
43%
PaysCuba
43%
PaysDanemark
43%
PaysDjibouti
43%
PaysDominique
43%
PaysÉmirats Arabes Unis
43%
PaysÉrythrée
43%
PaysEspagne
43%
PaysEswatini
43%
PaysÉtats Fédérés de Micronésie
43%
PaysÉthiopie
43%
PaysFidji
43%
PaysGabon
43%
PaysGambie
43%
PaysGéorgie
43%
PaysGhana
43%
PaysGrenade
43%
PaysGuatemala
43%
PaysGuinée
43%
PaysGuinée-Bissau
43%
PaysGuinée Équatoriale
43%
PaysHonduras
43%
PaysHongrie
43%
PaysÎles Marshall
43%
PaysÎles Salomon
43%
PaysIrak
43%
PaysIran
43%
PaysIsraël
43%
PaysItalie
43%
PaysJamaïque
43%
PaysJordanie
43%
PaysKazakhstan
43%
PaysKenya
43%
PaysKirghizistan
43%
PaysKiribati
43%
PaysKosovo
43%
PaysKoweït
43%
PaysLaos
43%
PaysLesotho
43%
PaysLiban
43%
PaysLiberia
43%
PaysLiechtenstein
43%
PaysLuxembourg
43%
PaysMacédoine du Nord
43%
PaysMadagascar
43%
PaysMalaisie
43%
PaysMalawi
43%
PaysMaldives
43%
PaysMalte
43%
PaysMaurice
43%
PaysMauritanie
43%
PaysMoldavie
43%
PaysMonténégro
43%
PaysMozambique
43%
PaysNamibie
43%
PaysNauru
43%
PaysNépal
43%
PaysNicaragua
43%
PaysNigeria
43%
PaysNouvelle-Zélande
43%
PaysOman
43%
PaysOuganda
43%
PaysOuzbékistan
43%
PaysPakistan
43%
PaysPalaos
43%
PaysPays-Bas
43%
PaysPays Mystérieux (Pérou)
43%
PaysPhilippines
43%
PaysPologne
43%
PaysPortugal
43%
PaysQatar
43%
PaysRépublique Centrafricaine
43%
PaysRépublique Dominicaine
43%
PaysRoyaume-Uni
43%
PaysRwanda
43%
PaysSaint-Christophe-
et-Niévès
43%
PaysSainte-Lucie
43%
PaysSaint-Marin
43%
PaysSaint-Vincent-et-les-
Grenadines
43%
PaysSalvador
43%
PaysSamoa
43%
PaysSao Tomé-et-Principe
43%
PaysSénégal
43%
PaysSeychelles
43%
PaysSierra Leone
43%
PaysSingapour
43%
PaysSlovaquie
43%
PaysSlovénie
43%
PaysSomalie
43%
PaysSoudan
43%
PaysSoudan du Sud
43%
PaysSri Lanka
43%
PaysSuriname
43%
PaysSyrie
43%
PaysTadjikistan
43%
PaysTaïwan
43%
PaysTanzanie
43%
PaysTchad
43%
PaysThaïlande
43%
PaysTimor Oriental
43%
PaysTogo
43%
PaysTonga
43%
PaysTrinité-et-Tobago
43%
PaysTurkménistan
43%
PaysTuvalu
43%
PaysUruguay
43%
PaysVanuatu
43%
PaysVatican
43%
PaysVenezuela
43%
PaysViêt Nam
43%
PaysZambie
43%
PaysZimbabwe
43%
PaysAfghanistan
42%
PaysAfrique du Sud
42%
PaysAlbanie
42%
PaysAllemagne
42%
PaysAntigua-et-Barbuda
42%
PaysAzerbaïdjan
42%
PaysBahamas
42%
PaysBahreïn
42%
PaysBangladesh
42%
PaysBarbade
42%
PaysBelgique
42%
PaysBelize
42%
PaysBhoutan
42%
PaysBosnie-Herzégovine
42%
PaysBotswana
42%
PaysBrésil
42%
PaysBrunei
42%
PaysBurkina Faso
42%
PaysBurundi
42%
PaysCanada
42%
PaysCap-Vert
42%
PaysChine
42%
PaysComores
42%
PaysCôte d'Ivoire
42%
PaysDanemark
42%
PaysDjibouti
42%
PaysDominique
42%
PaysÉmirats Arabes Unis
42%
PaysÉquateur
42%
PaysÉrythrée
42%
PaysEspagne
42%
PaysEswatini
42%
PaysÉtats Fédérés de Micronésie
42%
PaysÉtats-Unis
42%
PaysFidji
42%
PaysGabon
42%
PaysGambie
42%
PaysGéorgie
42%
PaysGrenade
42%
PaysGuinée
42%
PaysGuinée-Bissau
42%
PaysGuinée Équatoriale
42%
PaysGuyana
42%
PaysHaïti
42%
PaysÎles Marshall
42%
PaysÎles Salomon
42%
PaysItalie
42%
PaysJamaïque
42%
PaysJapon
42%
PaysJordanie
42%
PaysKirghizistan
42%
PaysKiribati
42%
PaysKoweït
42%
PaysLesotho
42%
PaysLiberia
42%
PaysLiechtenstein
42%
PaysMalawi
42%
PaysMaldives
42%
PaysMaurice
42%
PaysMexique
42%
PaysMonténégro
42%
PaysMozambique
42%
PaysNamibie
42%
PaysNauru
42%
PaysOman
42%
PaysOuganda
42%
PaysOuzbékistan
42%
PaysPanama
42%
PaysPapouasie-Nouvelle-
Guinée
42%
PaysPays Mystérieux (Allemagne)
42%
PaysPologne
42%
PaysPortugal
42%
PaysRépublique Centrafricaine
42%
PaysRépublique Dominicaine
42%
PaysRépublique Tchèque
42%
PaysRoyaume-Uni
42%
PaysRussie
42%
PaysRwanda
42%
PaysSaint-Christophe-
et-Niévès
42%
PaysSainte-Lucie
42%
PaysSaint-Marin
42%
PaysSaint-Vincent-et-les-
Grenadines
42%
PaysSamoa
42%
PaysSao Tomé-et-Principe
42%
PaysSeychelles
42%
PaysSierra Leone
42%
PaysSingapour
42%
PaysSomalie
42%
PaysSoudan du Sud
42%
PaysSri Lanka
42%
PaysTadjikistan
42%
PaysTaïwan
42%
PaysTanzanie
42%
PaysTimor Oriental
42%
PaysTonga
42%
PaysTrinité-et-Tobago
42%
PaysTurkménistan
42%
PaysTuvalu
42%
PaysVanuatu
42%
PaysVatican
42%
PaysYémen
42%
PaysZambie
42%
PaysZimbabwe
42%
PaysAfrique du Sud
41%
PaysAllemagne
41%
PaysArgentine
41%
PaysAustralie
41%
PaysBrésil
41%
PaysCanada
41%
PaysChine
41%
PaysColombie
41%
PaysÉgypte
41%
PaysEspagne
41%
PaysInde
41%
PaysItalie
41%
PaysJapon
41%
PaysMaroc
41%
PaysMexique
41%
PaysPologne
41%
PaysPortugal
41%
PaysRépublique Démocratique
du Congo
41%
PaysRépublique du Congo
41%
PaysRoyaume-Uni
41%
PaysSuisse
41%
PaysTunisie
41%
PaysAfrique du Sud
40%
PaysAlgérie
40%
PaysAllemagne
40%
PaysArgentine
40%
PaysAustralie
40%
PaysAutriche
40%
PaysBrésil
40%
PaysCanada
40%
PaysChine
40%
PaysColombie
40%
PaysCuba
40%
PaysEspagne
40%
PaysGuatemala
40%
PaysInde
40%
PaysIrlande
40%
PaysItalie
40%
PaysJapon
40%
PaysMaroc
40%
PaysMonaco
40%
PaysPérou
40%
PaysPologne
40%
PaysPortugal
40%
PaysRépublique Démocratique
du Congo
40%
PaysRépublique du Congo
40%
PaysSuisse
40%
PaysUkraine
40%
PaysAfrique du Sud
39%
PaysAlgérie
39%
PaysAllemagne
39%
Pays Andorre
39%
PaysBelgique
39%
PaysBrésil
39%
PaysCambodge
39%
PaysCameroun
39%
PaysCanada
39%
PaysChine
39%
PaysCroatie
39%
PaysDanemark
39%
PaysÉgypte
39%
PaysEspagne
39%
PaysHonduras
39%
PaysInde
39%
PaysIrlande
39%
PaysIslande
39%
PaysItalie
39%
PaysMaroc
39%
PaysMauritanie
39%
PaysMongolie
39%
PaysPanama
39%
PaysPays-Bas
39%
PaysPologne
39%
PaysRépublique Démocratique
du Congo
39%
PaysRépublique du Congo
39%
PaysRoyaume-Uni
39%
PaysSuède
39%
PaysTurquie
39%
PaysUruguay
39%
PaysVenezuela
39%
PaysAlgérie
38%
PaysAllemagne
38%
Pays Andorre
38%
PaysArménie
38%
PaysAustralie
38%
PaysAutriche
38%
PaysBelgique
38%
PaysBelize
38%
PaysBrésil
38%
PaysCanada
38%
PaysChili
38%
PaysChypre
38%
PaysColombie
38%
PaysComores
38%
PaysCorée du Nord
38%
PaysCorée du Sud
38%
PaysCuba
38%
PaysEspagne
38%
PaysEstonie
38%
PaysFinlande
38%
PaysGrèce
38%
PaysInde
38%
PaysIslande
38%
PaysItalie
38%
PaysJapon
38%
PaysLibye
38%
PaysLituanie
38%
PaysLuxembourg
38%
PaysMali
38%
PaysMexique
38%
PaysMonaco
38%
PaysMongolie
38%
PaysNicaragua
38%
PaysNiger
38%
PaysNorvège
38%
PaysPakistan
38%
PaysPanama
38%
PaysParaguay
38%
PaysPays-Bas
38%
PaysPérou
38%
PaysPologne
38%
PaysPortugal
38%
PaysRépublique Démocratique
du Congo
38%
PaysRépublique du Congo
38%
PaysRussie
38%
PaysSénégal
38%
PaysSuède
38%
PaysSuisse
38%
PaysUkraine
38%
PaysAlbanie
37%
PaysAlgérie
37%
PaysAllemagne
37%
Pays Andorre
37%
PaysAngola
37%
PaysArabie Saoudite
37%
PaysAustralie
37%
PaysAutriche
37%
PaysBahamas
37%
PaysBarbade
37%
PaysBolivie
37%
PaysBrésil
37%
PaysCanada
37%
PaysChili
37%
PaysChine
37%
PaysColombie
37%
PaysCorée du Sud
37%
PaysCroatie
37%
PaysÉgypte
37%
PaysÉquateur
37%
PaysEspagne
37%
PaysEstonie
37%
PaysFinlande
37%
PaysGabon
37%
PaysGuyana
37%
PaysHongrie
37%
PaysInde
37%
PaysIndonésie
37%
PaysIran
37%
PaysIrlande
37%
PaysItalie
37%
PaysJamaïque
37%
PaysJapon
37%
PaysKazakhstan
37%
PaysKenya
37%
PaysLaos
37%
PaysLettonie
37%
PaysLibye
37%
PaysLituanie
37%
PaysMacédoine du Nord
37%
PaysMadagascar
37%
PaysMalte
37%
PaysMaroc
37%
PaysMexique
37%
PaysMongolie
37%
PaysNiger
37%
PaysNorvège
37%
PaysNouvelle-Zélande
37%
PaysPakistan
37%
PaysPanama
37%
PaysParaguay
37%
PaysPhilippines
37%
PaysPologne
37%
PaysPortugal
37%
PaysRoumanie
37%
PaysSalvador
37%
PaysSénégal
37%
PaysSuède
37%
PaysSuisse
37%
PaysTchad
37%
PaysThaïlande
37%
PaysTogo
37%
PaysTunisie
37%
PaysTurquie
37%
PaysUruguay
37%
PaysVatican
37%
PaysAfghanistan
36%
PaysAfrique du Sud
36%
PaysAlgérie
36%
PaysAllemagne
36%
PaysAngola
36%
PaysAntigua-et-Barbuda
36%
PaysArabie Saoudite
36%
PaysArgentine
36%
PaysArménie
36%
PaysAustralie
36%
PaysAzerbaïdjan
36%
PaysBahreïn
36%
PaysBangladesh
36%
PaysBelgique
36%
PaysBénin
36%
PaysBhoutan
36%
PaysBiélorussie
36%
PaysBirmanie
36%
PaysBolivie
36%
PaysBosnie-Herzégovine
36%
PaysBotswana
36%
PaysBrésil
36%
PaysBrunei
36%
PaysBulgarie
36%
PaysBurkina Faso
36%
PaysBurundi
36%
PaysCambodge
36%
PaysCanada
36%
PaysCap-Vert
36%
PaysChili
36%
PaysChine
36%
PaysChypre
36%
PaysColombie
36%
PaysComores
36%
PaysCorée du Nord
36%
PaysCorée du Sud
36%
PaysCosta Rica
36%
PaysCôte d'Ivoire
36%
PaysCuba
36%
PaysDanemark
36%
PaysDjibouti
36%
PaysDominique
36%
PaysÉmirats Arabes Unis
36%
PaysÉquateur
36%
PaysÉrythrée
36%
PaysEspagne
36%
PaysEstonie
36%
PaysEswatini
36%
PaysÉtats Fédérés de Micronésie
36%
PaysÉthiopie
36%
PaysFidji
36%
PaysFinlande
36%
PaysGambie
36%
PaysGéorgie
36%
PaysGhana
36%
PaysGrenade
36%
PaysGuinée
36%
PaysGuinée-Bissau
36%
PaysGuinée Équatoriale
36%
PaysGuyana
36%
PaysHaïti
36%
PaysÎles Marshall
36%
PaysÎles Salomon
36%
PaysInde
36%
PaysIndonésie
36%
PaysIrak
36%
PaysIslande
36%
PaysIsraël
36%
PaysItalie
36%
PaysJapon
36%
PaysJordanie
36%
PaysKazakhstan
36%
PaysKenya
36%
PaysKirghizistan
36%
PaysKiribati
36%
PaysKosovo
36%
PaysKoweït
36%
PaysLaos
36%
PaysLesotho
36%
PaysLiban
36%
PaysLiberia
36%
PaysLibye
36%
PaysLiechtenstein
36%
PaysLituanie
36%
PaysMacédoine du Nord
36%
PaysMalaisie
36%
PaysMalawi
36%
PaysMaldives
36%
PaysMalte
36%
PaysMaroc
36%
PaysMaurice
36%
PaysMauritanie
36%
PaysMexique
36%
PaysMoldavie
36%
PaysMonaco
36%
PaysMongolie
36%
PaysMonténégro
36%
PaysMozambique
36%
PaysNamibie
36%
PaysNauru
36%
PaysNépal
36%
PaysNigeria
36%
PaysOman
36%
PaysOuganda
36%
PaysOuzbékistan
36%
PaysPalaos
36%
PaysPapouasie-Nouvelle-
Guinée
36%
PaysPays-Bas
36%
PaysPays Mystérieux (Cuba)
36%
PaysPérou
36%
PaysPologne
36%
PaysPortugal
36%
PaysQatar
36%
PaysRépublique Centrafricaine
36%
PaysRépublique Dominicaine
36%
PaysRépublique Tchèque
36%
PaysRoyaume-Uni
36%
PaysRwanda
36%
PaysSaint-Christophe-
et-Niévès
36%
PaysSainte-Lucie
36%
PaysSaint-Marin
36%
PaysSaint-Vincent-et-les-
Grenadines
36%
PaysSamoa
36%
PaysSao Tomé-et-Principe
36%
PaysSerbie
36%
PaysSeychelles
36%
PaysSierra Leone
36%
PaysSingapour
36%
PaysSlovaquie
36%
PaysSlovénie
36%
PaysSomalie
36%
PaysSoudan
36%
PaysSoudan du Sud
36%
PaysSri Lanka
36%
PaysSuède
36%
PaysSuriname
36%
PaysSyrie
36%
PaysTadjikistan
36%
PaysTaïwan
36%
PaysTanzanie
36%
PaysThaïlande
36%
PaysTimor Oriental
36%
PaysTogo
36%
PaysTonga
36%
PaysTrinité-et-Tobago
36%
PaysTurkménistan
36%
PaysTuvalu
36%
PaysUkraine
36%
PaysVanuatu
36%
PaysVatican
36%
PaysVenezuela
36%
PaysViêt Nam
36%
PaysYémen
36%
PaysZambie
36%
PaysZimbabwe
36%
PaysAfghanistan
35%
PaysAlbanie
35%
PaysAlgérie
35%
PaysAllemagne
35%
PaysAngola
35%
PaysAntigua-et-Barbuda
35%
PaysArabie Saoudite
35%
PaysArgentine
35%
PaysAustralie
35%
PaysAutriche
35%
PaysAzerbaïdjan
35%
PaysBahamas
35%
PaysBahreïn
35%
PaysBangladesh
35%
PaysBarbade
35%
PaysBelgique
35%
PaysBelize
35%
PaysBhoutan
35%
PaysBiélorussie
35%
PaysBolivie
35%
PaysBosnie-Herzégovine
35%
PaysBotswana
35%
PaysBrésil
35%
PaysBrunei
35%
PaysBurkina Faso
35%
PaysBurundi
35%
PaysCameroun
35%
PaysCanada
35%
PaysCap-Vert
35%
PaysCorée du Nord
35%
PaysCôte d'Ivoire
35%
PaysDanemark
35%
PaysDjibouti
35%
PaysDominique
35%
PaysÉgypte
35%
PaysÉmirats Arabes Unis
35%
PaysÉrythrée
35%
PaysEstonie
35%
PaysEswatini
35%
PaysÉtats Fédérés de Micronésie
35%
PaysÉthiopie
35%
PaysFidji
35%
PaysGabon
35%
PaysGambie
35%
PaysGrèce
35%
PaysGrenade
35%
PaysGuatemala
35%
PaysGuinée-Bissau
35%
PaysGuinée Équatoriale
35%
PaysHaïti
35%
PaysHonduras
35%
PaysÎles Marshall
35%
PaysÎles Salomon
35%
PaysIndonésie
35%
PaysIrak
35%
PaysIran
35%
PaysJamaïque
35%
PaysJapon
35%
PaysKirghizistan
35%
PaysKiribati
35%
PaysKosovo
35%
PaysKoweït
35%
PaysLesotho
35%
PaysLettonie
35%
PaysLiberia
35%
PaysLibye
35%
PaysLiechtenstein
35%
PaysLituanie
35%
PaysLuxembourg
35%
PaysMadagascar
35%
PaysMalawi
35%
PaysMaldives
35%
PaysMali
35%
PaysMaroc
35%
PaysMaurice
35%
PaysMauritanie
35%
PaysMongolie
35%
PaysMonténégro
35%
PaysNamibie
35%
PaysNauru
35%
PaysNicaragua
35%
PaysNiger
35%
PaysNorvège
35%
PaysNouvelle-Zélande
35%
PaysOuganda
35%
PaysOuzbékistan
35%
PaysPakistan
35%
PaysPanama
35%
PaysPapouasie-Nouvelle-
Guinée
35%
PaysPays-Bas
35%
PaysPays Mystérieux (Finlande)
35%
PaysPérou
35%
PaysPhilippines
35%
PaysPologne
35%
PaysRépublique Centrafricaine
35%
PaysRépublique Démocratique
du Congo
35%
PaysRépublique Dominicaine
35%
PaysRépublique Tchèque
35%
PaysRoumanie
35%
PaysRoyaume-Uni
35%
PaysRwanda
35%
PaysSaint-Christophe-
et-Niévès
35%
PaysSainte-Lucie
35%
PaysSaint-Marin
35%
PaysSaint-Vincent-et-les-
Grenadines
35%
PaysSalvador
35%
PaysSamoa
35%
PaysSao Tomé-et-Principe
35%
PaysSénégal
35%
PaysSeychelles
35%
PaysSierra Leone
35%
PaysSingapour
35%
PaysSlovaquie
35%
PaysSlovénie
35%
PaysSoudan
35%
PaysSoudan du Sud
35%
PaysSri Lanka
35%
PaysSuède
35%
PaysSuisse
35%
PaysSuriname
35%
PaysTadjikistan
35%
PaysTaïwan
35%
PaysTanzanie
35%
PaysTchad
35%
PaysTimor Oriental
35%
PaysTonga
35%
PaysTrinité-et-Tobago
35%
PaysTunisie
35%
PaysTurkménistan
35%
PaysTuvalu
35%
PaysUkraine
35%
PaysUruguay
35%
PaysVanuatu
35%
PaysZambie
35%
PaysZimbabwe
35%
PaysAfrique du Sud
34%
PaysAlbanie
34%
PaysAlgérie
34%
PaysAllemagne
34%
Pays Andorre
34%
PaysAngola
34%
PaysArabie Saoudite
34%
PaysArgentine
34%
PaysArménie
34%
PaysAustralie
34%
PaysAzerbaïdjan
34%
PaysBelgique
34%
PaysBiélorussie
34%
PaysBolivie
34%
PaysBotswana
34%
PaysBrésil
34%
PaysCambodge
34%
PaysCameroun
34%
PaysCanada
34%
PaysChypre
34%
PaysCorée du Nord
34%
PaysCorée du Sud
34%
PaysCosta Rica
34%
PaysCroatie
34%
PaysCuba
34%
PaysDanemark
34%
PaysÉgypte
34%
PaysÉquateur
34%
PaysÉrythrée
34%
PaysEspagne
34%
PaysEstonie
34%
PaysFidji
34%
PaysFinlande
34%
PaysGhana
34%
PaysGrèce
34%
PaysGuinée
34%
PaysGuyana
34%
PaysHongrie
34%
PaysInde
34%
PaysIndonésie
34%
PaysIrak
34%
PaysIran
34%
PaysIrlande
34%
PaysIsraël
34%
PaysItalie
34%
PaysJapon
34%
PaysKazakhstan
34%
PaysKenya
34%
PaysLaos
34%
PaysLesotho
34%
PaysLiban
34%
PaysMacédoine du Nord
34%
PaysMadagascar
34%
PaysMalaisie
34%
PaysMalte
34%
PaysMaroc
34%
PaysMauritanie
34%
PaysMoldavie
34%
PaysMongolie
34%
PaysMozambique
34%
PaysNamibie
34%
PaysNépal
34%
PaysNiger
34%
PaysNigeria
34%
PaysNorvège
34%
PaysNouvelle-Zélande
34%
PaysOman
34%
PaysPakistan
34%
PaysPanama
34%
PaysParaguay
34%
PaysPhilippines
34%
PaysPortugal
34%
PaysRépublique Centrafricaine
34%
PaysRépublique du Congo
34%
PaysRoumanie
34%
PaysRoyaume-Uni
34%
PaysRwanda
34%
PaysSénégal
34%
PaysSerbie
34%
PaysSlovaquie
34%
PaysSlovénie
34%
PaysSomalie
34%
PaysSuriname
34%
PaysSyrie
34%
PaysTaïwan
34%
PaysTanzanie
34%
PaysTchad
34%
PaysThaïlande
34%
PaysTogo
34%
PaysUkraine
34%
PaysUruguay
34%
PaysVatican
34%
PaysVenezuela
34%
PaysViêt Nam
34%
PaysYémen
34%
PaysZambie
34%
PaysZimbabwe
34%
PaysAfghanistan
33%
PaysAfrique du Sud
33%
PaysAlgérie
33%
PaysAllemagne
33%
PaysAntigua-et-Barbuda
33%
PaysArgentine
33%
PaysAustralie
33%
PaysAzerbaïdjan
33%
PaysBahamas
33%
PaysBahreïn
33%
PaysBangladesh
33%
PaysBarbade
33%
PaysBelgique
33%
PaysBelize
33%
PaysBénin
33%
PaysBhoutan
33%
PaysBiélorussie
33%
PaysBirmanie
33%
PaysBosnie-Herzégovine
33%
PaysBotswana
33%
PaysBrésil
33%
PaysBrunei
33%
PaysBulgarie
33%
PaysBurkina Faso
33%
PaysBurundi
33%
PaysCanada
33%
PaysCap-Vert
33%
PaysChypre
33%
PaysComores
33%
PaysCosta Rica
33%
PaysCôte d'Ivoire
33%
PaysCuba
33%
PaysDjibouti
33%
PaysDominique
33%
PaysÉgypte
33%
PaysÉmirats Arabes Unis
33%
PaysÉrythrée
33%
PaysEswatini
33%
PaysÉtats Fédérés de Micronésie
33%
PaysFidji
33%
PaysFinlande
33%
PaysGabon
33%
PaysGambie
33%
PaysGéorgie
33%
PaysGhana
33%
PaysGrèce
33%
PaysGrenade
33%
PaysGuatemala
33%
PaysGuinée
33%
PaysGuinée-Bissau
33%
PaysGuinée Équatoriale
33%
PaysGuyana
33%
PaysHaïti
33%
PaysHonduras
33%
PaysÎles Marshall
33%
PaysÎles Salomon
33%
PaysInde
33%
PaysIndonésie
33%
PaysIslande
33%
PaysItalie
33%
PaysJamaïque
33%
PaysJapon
33%
PaysJordanie
33%
PaysKazakhstan
33%
PaysKirghizistan
33%
PaysKiribati
33%
PaysKosovo
33%
PaysKoweït
33%
PaysLaos
33%
PaysLesotho
33%
PaysLiberia
33%
PaysLiechtenstein
33%
PaysMalaisie
33%
PaysMalawi
33%
PaysMaldives
33%
PaysMaroc
33%
PaysMaurice
33%
PaysMexique
33%
PaysMonténégro
33%
PaysMozambique
33%
PaysNauru
33%
PaysNépal
33%
PaysNicaragua
33%
PaysNigeria
33%
PaysNouvelle-Zélande
33%
PaysOman
33%
PaysOuganda
33%
PaysOuzbékistan
33%
PaysPalaos
33%
PaysPapouasie-Nouvelle-
Guinée
33%
PaysParaguay
33%
PaysPays Mystérieux (Algérie)
33%
PaysPortugal
33%
PaysQatar
33%
PaysRépublique Centrafricaine
33%
PaysRépublique Démocratique
du Congo
33%
PaysRépublique Dominicaine
33%
PaysRépublique du Congo
33%
PaysRépublique Tchèque
33%
PaysRoyaume-Uni
33%
PaysRwanda
33%
PaysSaint-Christophe-
et-Niévès
33%
PaysSainte-Lucie
33%
PaysSaint-Marin
33%
PaysSaint-Vincent-et-les-
Grenadines
33%
PaysSalvador
33%
PaysSamoa
33%
PaysSao Tomé-et-Principe
33%
PaysSeychelles
33%
PaysSierra Leone
33%
PaysSingapour
33%
PaysSlovaquie
33%
PaysSlovénie
33%
PaysSoudan du Sud
33%
PaysSri Lanka
33%
PaysSuisse
33%
PaysSuriname
33%
PaysSyrie
33%
PaysTadjikistan
33%
PaysTaïwan
33%
PaysTimor Oriental
33%
PaysTonga
33%
PaysTrinité-et-Tobago
33%
PaysTunisie
33%
PaysTurkménistan
33%
PaysTuvalu
33%
PaysUruguay
33%
PaysVanuatu
33%
PaysVatican
33%
PaysVenezuela
33%
PaysYémen
33%
PaysZimbabwe
33%
PaysAfrique du Sud
32%
PaysAlgérie
32%
PaysAllemagne
32%
PaysAustralie
32%
PaysAutriche
32%
PaysBarbade
32%
PaysBolivie
32%
PaysBrésil
32%
PaysCanada
32%
PaysColombie
32%
PaysCroatie
32%
PaysCuba
32%
PaysDanemark
32%
PaysÉquateur
32%
PaysEspagne
32%
PaysEstonie
32%
PaysGrèce
32%
PaysGuatemala
32%
PaysGuyana
32%
PaysHonduras
32%
PaysÎles Salomon
32%
PaysInde
32%
PaysJapon
32%
PaysLituanie
32%
PaysMaroc
32%
PaysMexique
32%
PaysMongolie
32%
PaysNauru
32%
PaysParaguay
32%
PaysPays-Bas
32%
PaysPays Mystérieux (Inde)
32%
PaysPortugal
32%
PaysRépublique Démocratique
du Congo
32%
PaysRépublique du Congo
32%
PaysSeychelles
32%
PaysSuisse
32%
PaysTurquie
32%
PaysUkraine
32%
PaysAlbanie
31%
PaysAlgérie
31%
PaysArgentine
31%
PaysAustralie
31%
PaysBelgique
31%
PaysBrésil
31%
PaysBulgarie
31%
PaysCambodge
31%
PaysCanada
31%
PaysChili
31%
PaysColombie
31%
PaysCosta Rica
31%
PaysCroatie
31%
PaysCuba
31%
PaysDanemark
31%
PaysÉgypte
31%
PaysÉquateur
31%
PaysEspagne
31%
PaysFinlande
31%
PaysGrèce
31%
PaysGuyana
31%
PaysHongrie
31%
PaysInde
31%
PaysIndonésie
31%
PaysIrlande
31%
PaysJamaïque
31%
PaysJapon
31%
PaysLettonie
31%
PaysLituanie
31%
PaysMalawi
31%
PaysMali
31%
PaysMaroc
31%
PaysMexique
31%
PaysMonaco
31%
PaysMongolie
31%
PaysNicaragua
31%
PaysNiger
31%
PaysPakistan
31%
PaysPays-Bas
31%
PaysPérou
31%
PaysPologne
31%
PaysPortugal
31%
PaysRépublique Démocratique
du Congo
31%
PaysRépublique du Congo
31%
PaysRoumanie
31%
PaysRoyaume-Uni
31%
PaysSuède
31%
PaysSuisse
31%
PaysTunisie
31%
PaysAfrique du Sud
30%
PaysAlbanie
30%
PaysAlgérie
30%
PaysAllemagne
30%
Pays | Pays Andorre
30%
PaysArabie Saoudite
30%
PaysArgentine
30%
PaysAustralie
30%
PaysBelgique
30%
PaysBiélorussie
30%
PaysBirmanie
30%
PaysBosnie-Herzégovine
30%
PaysBrésil
30%
PaysCanada
30%
PaysCorée du Sud
30%
PaysCosta Rica
30%
PaysCuba
30%
PaysDanemark
30%
PaysÉgypte
30%
PaysEspagne
30%
PaysFinlande
30%
PaysGuatemala
30%
PaysHaïti
30%
PaysHongrie
30%
PaysIndonésie
30%
PaysIran
30%
PaysIrlande
30%
PaysIslande
30%
PaysItalie
30%
PaysJapon
30%
PaysLettonie
30%
PaysLibye
30%
PaysLituanie
30%
PaysLuxembourg
30%
PaysMali
30%
PaysMalte
30%
PaysMaroc
30%
PaysMexique
30%
PaysMonaco
30%
PaysMongolie
30%
PaysNiger
30%
PaysNorvège
30%
PaysPanama
30%
PaysParaguay
30%
PaysPays-Bas
30%
PaysPérou
30%
PaysPortugal
30%
PaysRépublique Démocratique
du Congo
30%
PaysRépublique du Congo
30%
PaysRoumanie
30%
PaysRoyaume-Uni
30%
PaysSénégal
30%
PaysSerbie
30%
PaysSlovénie
30%
PaysSuède
30%
PaysSuisse
30%
PaysSuriname
30%
PaysThaïlande
30%
PaysTunisie
30%
PaysUkraine
30%
PaysUruguay
30%
PaysViêt Nam
30%
PaysAfghanistan
29%
PaysAfrique du Sud
29%
PaysAlgérie
29%
PaysAllemagne
29%
Pays | Pays Andorre
29%
PaysAngola
29%
PaysAntigua-et-Barbuda
29%
PaysArgentine
29%
PaysArménie
29%
PaysAustralie
29%
PaysAutriche
29%
PaysBahamas
29%
PaysBangladesh
29%
PaysBelgique
29%
PaysBelize
29%
PaysBhoutan
29%
PaysBolivie
29%
PaysBosnie-Herzégovine
29%
PaysBrésil
29%
PaysBulgarie
29%
PaysCambodge
29%
PaysCameroun
29%
PaysChili
29%
PaysChypre
29%
PaysCorée du Nord
29%
PaysCorée du Sud
29%
PaysCôte d'Ivoire
29%
PaysCuba
29%
PaysDanemark
29%
PaysÉgypte
29%
PaysÉquateur
29%
PaysEspagne
29%
PaysÉthiopie
29%
PaysFinlande
29%
PaysGhana
29%
PaysGrèce
29%
PaysGuyana
29%
PaysHonduras
29%
PaysIndonésie
29%
PaysIrak
29%
PaysIran
29%
PaysIrlande
29%
PaysIslande
29%
PaysItalie
29%
PaysJamaïque
29%
PaysJapon
29%
PaysKazakhstan
29%
PaysKenya
29%
PaysKosovo
29%
PaysLaos
29%
PaysLiban
29%
PaysLibye
29%
PaysLituanie
29%
PaysLuxembourg
29%
PaysMacédoine du Nord
29%
PaysMadagascar
29%
PaysMali
29%
PaysMalte
29%
PaysMaroc
29%
PaysMauritanie
29%
PaysMexique
29%
PaysMoldavie
29%
PaysMonaco
29%
PaysNicaragua
29%
PaysNiger
29%
PaysNigeria
29%
PaysNorvège
29%
PaysNouvelle-Zélande
29%
PaysPakistan
29%
PaysPanama
29%
PaysPapouasie-Nouvelle-
Guinée
29%
PaysParaguay
29%
PaysPays-Bas
29%
PaysPortugal
29%
PaysRépublique Démocratique
du Congo
29%
PaysRépublique du Congo
29%
PaysRépublique Tchèque
29%
PaysRoyaume-Uni
29%
PaysSénégal
29%
PaysSerbie
29%
PaysSlovaquie
29%
PaysSlovénie
29%
PaysSomalie
29%
PaysSoudan
29%
PaysSuède
29%
PaysSuisse
29%
PaysSuriname
29%
PaysSyrie
29%
PaysTchad
29%
PaysThaïlande
29%
PaysTogo
29%
PaysTunisie
29%
PaysTurquie
29%
PaysUkraine
29%
PaysUruguay
29%
PaysVatican
29%
PaysVenezuela
29%
PaysViêt Nam
29%
PaysAfghanistan
28%
PaysAfrique du Sud
28%
PaysAlbanie
28%
PaysAlgérie
28%
PaysAllemagne
28%
Pays Andorre
28%
PaysAngola
28%
PaysAntigua-et-Barbuda
28%
PaysArabie Saoudite
28%
PaysArménie
28%
PaysAustralie
28%
PaysAutriche
28%
PaysAzerbaïdjan
28%
PaysBahreïn
28%
PaysBangladesh
28%
PaysBarbade
28%
PaysBelgique
28%
PaysBelize
28%
PaysBénin
28%
PaysBiélorussie
28%
PaysBirmanie
28%
PaysBosnie-Herzégovine
28%
PaysBotswana
28%
PaysBrésil
28%
PaysBrunei
28%
PaysBurkina Faso
28%
PaysBurundi
28%
PaysCambodge
28%
PaysCameroun
28%
PaysCap-Vert
28%
PaysChili
28%
PaysChypre
28%
PaysColombie
28%
PaysComores
28%
PaysCorée du Nord
28%
PaysCorée du Sud
28%
PaysCosta Rica
28%
PaysCôte d'Ivoire
28%
PaysCroatie
28%
PaysCuba
28%
PaysDanemark
28%
PaysDjibouti
28%
PaysDominique
28%
PaysÉgypte
28%
PaysÉmirats Arabes Unis
28%
PaysÉquateur
28%
PaysÉrythrée
28%
PaysEstonie
28%
PaysEswatini
28%
PaysÉtats Fédérés de Micronésie
28%
PaysFidji
28%
PaysGabon
28%
PaysGambie
28%
PaysGéorgie
28%
PaysGhana
28%
PaysGrèce
28%
PaysGuatemala
28%
PaysGuinée
28%
PaysGuyana
28%
PaysHaïti
28%
PaysHonduras
28%
PaysHongrie
28%
PaysÎles Marshall
28%
PaysÎles Salomon
28%
PaysInde
28%
PaysIndonésie
28%
PaysIrak
28%
PaysIran
28%
PaysIrlande
28%
PaysIsraël
28%
PaysJamaïque
28%
PaysJapon
28%
PaysJordanie
28%
PaysKazakhstan
28%
PaysKenya
28%
PaysKiribati
28%
PaysKosovo
28%
PaysKoweït
28%
PaysLaos
28%
PaysLesotho
28%
PaysLettonie
28%
PaysLiban
28%
PaysLiberia
28%
PaysLiechtenstein
28%
PaysLuxembourg
28%
PaysMacédoine du Nord
28%
PaysMadagascar
28%
PaysMalaisie
28%
PaysMalawi
28%
PaysMaldives
28%
PaysMali
28%
PaysMaroc
28%
PaysMaurice
28%
PaysMauritanie
28%
PaysMexique
28%
PaysMoldavie
28%
PaysMonaco
28%
PaysMongolie
28%
PaysMonténégro
28%
PaysMozambique
28%
PaysNamibie
28%
PaysNauru
28%
PaysNépal
28%
PaysNicaragua
28%
PaysNigeria
28%
PaysNorvège
28%
PaysNouvelle-Zélande
28%
PaysOman
28%
PaysOuganda
28%
PaysOuzbékistan
28%
PaysPakistan
28%
PaysPalaos
28%
PaysPanama
28%
PaysPapouasie-Nouvelle-
Guinée
28%
PaysParaguay
28%
PaysPays-Bas
28%
PaysPérou
28%
PaysPhilippines
28%
PaysPortugal
28%
PaysQatar
28%
PaysRépublique Centrafricaine
28%
PaysRépublique Démocratique
du Congo
28%
PaysRépublique Dominicaine
28%
PaysRépublique du Congo
28%
PaysRépublique Tchèque
28%
PaysRoumanie
28%
PaysRoyaume-Uni
28%
PaysRwanda
28%
PaysSaint-Christophe-
et-Niévès
28%
PaysSainte-Lucie
28%
PaysSaint-Marin
28%
PaysSaint-Vincent-et-les-
Grenadines
28%
PaysSalvador
28%
PaysSamoa
28%
PaysSao Tomé-et-Principe
28%
PaysSénégal
28%
PaysSierra Leone
28%
PaysSingapour
28%
PaysSlovaquie
28%
PaysSlovénie
28%
PaysSomalie
28%
PaysSoudan
28%
PaysSoudan du Sud
28%
PaysSri Lanka
28%
PaysSuède
28%
PaysSuisse
28%
PaysSuriname
28%
PaysSyrie
28%
PaysTaïwan
28%
PaysTanzanie
28%
PaysTchad
28%
PaysThaïlande
28%
PaysTogo
28%
PaysTonga
28%
PaysTrinité-et-Tobago
28%
PaysTunisie
28%
PaysTurquie
28%
PaysTuvalu
28%
PaysVanuatu
28%
PaysVenezuela
28%
PaysViêt Nam
28%
PaysYémen
28%
PaysZambie
28%
PaysZimbabwe
28%
PaysAfghanistan
27%
PaysAfrique du Sud
27%
PaysAlbanie
27%
PaysAlgérie
27%
Pays Andorre
27%
PaysAngola
27%
PaysAntigua-et-Barbuda
27%
PaysArabie Saoudite
27%
PaysArgentine
27%
PaysArménie
27%
PaysAustralie
27%
PaysAutriche
27%
PaysAzerbaïdjan
27%
PaysBahamas
27%
PaysBahreïn
27%
PaysBangladesh
27%
PaysBarbade
27%
PaysBelgique
27%
PaysBelize
27%
PaysBénin
27%
PaysBhoutan
27%
PaysBiélorussie
27%
PaysBosnie-Herzégovine
27%
PaysBotswana
27%
PaysBrésil
27%
PaysBrunei
27%
PaysBulgarie
27%
PaysBurkina Faso
27%
PaysBurundi
27%
PaysCambodge
27%
PaysCameroun
27%
PaysCap-Vert
27%
PaysChili
27%
PaysChypre
27%
PaysColombie
27%
PaysComores
27%
PaysCorée du Nord
27%
PaysCorée du Sud
27%
PaysCôte d'Ivoire
27%
PaysCroatie
27%
PaysDanemark
27%
PaysDjibouti
27%
PaysDominique
27%
PaysÉgypte
27%
PaysÉmirats Arabes Unis
27%
PaysÉrythrée
27%
PaysEstonie
27%
PaysEswatini
27%
PaysÉtats Fédérés de Micronésie
27%
PaysÉthiopie
27%
PaysFinlande
27%
PaysGabon
27%
PaysGambie
27%
PaysGéorgie
27%
PaysGhana
27%
PaysGrèce
27%
PaysGrenade
27%
PaysGuatemala
27%
PaysGuinée
27%
PaysGuinée-Bissau
27%
PaysGuinée Équatoriale
27%
PaysGuyana
27%
PaysHaïti
27%
PaysHonduras
27%
PaysHongrie
27%
PaysÎles Marshall
27%
PaysÎles Salomon
27%
PaysInde
27%
PaysIndonésie
27%
PaysIrak
27%
PaysIran
27%
PaysIrlande
27%
PaysIslande
27%
PaysIsraël
27%
PaysItalie
27%
PaysJamaïque
27%
PaysJordanie
27%
PaysKazakhstan
27%
PaysKenya
27%
PaysKirghizistan
27%
PaysKiribati
27%
PaysKosovo
27%
PaysKoweït
27%
PaysLaos
27%
PaysLesotho
27%
PaysLettonie
27%
PaysLiban
27%
PaysLiberia
27%
PaysLibye
27%
PaysLiechtenstein
27%
PaysLituanie
27%
PaysLuxembourg
27%
PaysMacédoine du Nord
27%
PaysMadagascar
27%
PaysMalaisie
27%
PaysMalawi
27%
PaysMaldives
27%
PaysMali
27%
PaysMalte
27%
PaysMaroc
27%
PaysMaurice
27%
PaysMauritanie
27%
PaysMexique
27%
PaysMoldavie
27%
PaysMonaco
27%
PaysMongolie
27%
PaysMozambique
27%
PaysNamibie
27%
PaysNauru
27%
PaysNépal
27%
PaysNicaragua
27%
PaysNiger
27%
PaysNigeria
27%
PaysNorvège
27%
PaysOuganda
27%
PaysOuzbékistan
27%
PaysPakistan
27%
PaysPalaos
27%
PaysPanama
27%
PaysPapouasie-Nouvelle-
Guinée
27%
PaysPays-Bas
27%
PaysPays Mystérieux (Albanie)
27%
PaysPays Mystérieux (Belgique)
27%
PaysPays Mystérieux (Irlande)
27%
PaysPérou
27%
PaysPhilippines
27%
PaysQatar
27%
PaysRépublique Centrafricaine
27%
PaysRépublique Démocratique
du Congo
27%
PaysRépublique Dominicaine
27%
PaysRépublique du Congo
27%
PaysRépublique Tchèque
27%
PaysRoyaume-Uni
27%
PaysRwanda
27%
PaysSaint-Christophe-
et-Niévès
27%
PaysSainte-Lucie
27%
PaysSaint-Marin
27%
PaysSaint-Vincent-et-les-
Grenadines
27%
PaysSalvador
27%
PaysSamoa
27%
PaysSao Tomé-et-Principe
27%
PaysSerbie
27%
PaysSeychelles
27%
PaysSierra Leone
27%
PaysSingapour
27%
PaysSlovaquie
27%
PaysSlovénie
27%
PaysSoudan
27%
PaysSoudan du Sud
27%
PaysSri Lanka
27%
PaysSuède
27%
PaysSuisse
27%
PaysSyrie
27%
PaysTadjikistan
27%
PaysTaïwan
27%
PaysTanzanie
27%
PaysTchad
27%
PaysThaïlande
27%
PaysTimor Oriental
27%
PaysTogo
27%
PaysTonga
27%
PaysTrinité-et-Tobago
27%
PaysTunisie
27%
PaysTurkménistan
27%
PaysTurquie
27%
PaysTuvalu
27%
PaysUkraine
27%
PaysVanuatu
27%
PaysVatican
27%
PaysViêt Nam
27%
PaysYémen
27%
PaysZambie
27%
PaysZimbabwe
27%
PaysAfghanistan
26%
PaysAfrique du Sud
26%
PaysAlbanie
26%
PaysAlgérie
26%
PaysAllemagne
26%
Pays Andorre
26%
PaysAngola
26%
PaysAntigua-et-Barbuda
26%
PaysArabie Saoudite
26%
PaysArgentine
26%
PaysArménie
26%
PaysAutriche
26%
PaysAzerbaïdjan
26%
PaysBahreïn
26%
PaysBangladesh
26%
PaysBarbade
26%
PaysBelgique
26%
PaysBénin
26%
PaysBhoutan
26%
PaysBirmanie
26%
PaysBolivie
26%
PaysBosnie-Herzégovine
26%
PaysBotswana
26%
PaysBrunei
26%
PaysBurkina Faso
26%
PaysBurundi
26%
PaysCambodge
26%
PaysCameroun
26%
PaysCap-Vert
26%
PaysChili
26%
PaysChypre
26%
PaysColombie
26%
PaysComores
26%
PaysCorée du Nord
26%
PaysCorée du Sud
26%
PaysCosta Rica
26%
PaysCôte d'Ivoire
26%
PaysCuba
26%
PaysDjibouti
26%
PaysDominique
26%
PaysÉgypte
26%
PaysÉmirats Arabes Unis
26%
PaysÉrythrée
26%
PaysEstonie
26%
PaysEswatini
26%
PaysÉtats Fédérés de Micronésie
26%
PaysÉthiopie
26%
PaysFidji
26%
PaysFinlande
26%
PaysGabon
26%
PaysGambie
26%
PaysGhana
26%
PaysGrenade
26%
PaysGuinée
26%
PaysGuinée-Bissau
26%
PaysGuinée Équatoriale
26%
PaysHaïti
26%
PaysHongrie
26%
PaysÎles Marshall
26%
PaysÎles Salomon
26%
PaysInde
26%
PaysIndonésie
26%
PaysIrak
26%
PaysIran
26%
PaysIrlande
26%
PaysIslande
26%
PaysIsraël
26%
PaysJapon
26%
PaysJordanie
26%
PaysKazakhstan
26%
PaysKenya
26%
PaysKirghizistan
26%
PaysKiribati
26%
PaysKosovo
26%
PaysKoweït
26%
PaysLaos
26%
PaysLesotho
26%
PaysLettonie
26%
PaysLiban
26%
PaysLiberia
26%
PaysLibye
26%
PaysLiechtenstein
26%
PaysLituanie
26%
PaysLuxembourg
26%
PaysMacédoine du Nord
26%
PaysMadagascar
26%
PaysMalaisie
26%
PaysMalawi
26%
PaysMaldives
26%
PaysMali
26%
PaysMalte
26%
PaysMaurice
26%
PaysMauritanie
26%
PaysMexique
26%
PaysMoldavie
26%
PaysMonaco
26%
PaysMongolie
26%
PaysMonténégro
26%
PaysMozambique
26%
PaysNamibie
26%
PaysNauru
26%
PaysNépal
26%
PaysNicaragua
26%
PaysNiger
26%
PaysNigeria
26%
PaysNorvège
26%
PaysNouvelle-Zélande
26%
PaysOman
26%
PaysOuganda
26%
PaysOuzbékistan
26%
PaysPakistan
26%
PaysPalaos
26%
PaysPanama
26%
PaysPapouasie-Nouvelle-
Guinée
26%
PaysParaguay
26%
PaysPays-Bas
26%
PaysPays Mystérieux (Guatemala)
26%
PaysPays Mystérieux (Guyana)
26%
PaysPérou
26%
PaysPhilippines
26%
PaysPortugal
26%
PaysQatar
26%
PaysRépublique Centrafricaine
26%
PaysRépublique Démocratique
du Congo
26%
PaysRépublique Dominicaine
26%
PaysRépublique du Congo
26%
PaysRépublique Tchèque
26%
PaysRoumanie
26%
PaysRoyaume-Uni
26%
PaysRwanda
26%
PaysSaint-Christophe-
et-Niévès
26%
PaysSainte-Lucie
26%
PaysSaint-Marin
26%
PaysSaint-Vincent-et-les-
Grenadines
26%
PaysSalvador
26%
PaysSamoa
26%
PaysSao Tomé-et-Principe
26%
PaysSénégal
26%
PaysSeychelles
26%
PaysSierra Leone
26%
PaysSingapour
26%
PaysSlovaquie
26%
PaysSlovénie
26%
PaysSomalie
26%
PaysSoudan
26%
PaysSoudan du Sud
26%
PaysSri Lanka
26%
PaysSuède
26%
PaysSuisse
26%
PaysSyrie
26%
PaysTadjikistan
26%
PaysTaïwan
26%
PaysTanzanie
26%
PaysThaïlande
26%
PaysTimor Oriental
26%
PaysTogo
26%
PaysTonga
26%
PaysTrinité-et-Tobago
26%
PaysTunisie
26%
PaysTurkménistan
26%
PaysTurquie
26%
PaysTuvalu
26%
PaysUkraine
26%
PaysUruguay
26%
PaysVanuatu
26%
PaysVatican
26%
PaysVenezuela
26%
PaysViêt Nam
26%
PaysYémen
26%
PaysZambie
26%
PaysZimbabwe
26%
PaysAfghanistan
25%
PaysAfrique du Sud
25%
PaysAlbanie
25%
Pays | Pays Andorre
25%
PaysArabie Saoudite
25%
PaysArgentine
25%
PaysArménie
25%
PaysAustralie
25%
PaysAutriche
25%
PaysAzerbaïdjan
25%
PaysBahreïn
25%
PaysBangladesh
25%
PaysBarbade
25%
PaysBelgique
25%
PaysBhoutan
25%
PaysBiélorussie
25%
PaysBirmanie
25%
PaysBolivie
25%
PaysBosnie-Herzégovine
25%
PaysBotswana
25%
PaysBrunei
25%
PaysBulgarie
25%
PaysBurkina Faso
25%
PaysBurundi
25%
PaysCap-Vert
25%
PaysChili
25%
PaysColombie
25%
PaysComores
25%
PaysCorée du Nord
25%
PaysCorée du Sud
25%
PaysCosta Rica
25%
PaysCroatie
25%
PaysDanemark
25%
PaysDjibouti
25%
PaysÉgypte
25%
PaysÉmirats Arabes Unis
25%
PaysÉquateur
25%
PaysÉrythrée
25%
PaysEstonie
25%
PaysEswatini
25%
PaysÉtats Fédérés de Micronésie
25%
PaysÉthiopie
25%
PaysFidji
25%
PaysFinlande
25%
PaysGabon
25%
PaysGambie
25%
PaysGéorgie
25%
PaysGhana
25%
PaysGrèce
25%
PaysGrenade
25%
PaysGuatemala
25%
PaysGuinée
25%
PaysGuinée-Bissau
25%
PaysGuinée Équatoriale
25%
PaysHonduras
25%
PaysHongrie
25%
PaysÎles Marshall
25%
PaysÎles Salomon
25%
PaysInde
25%
PaysIndonésie
25%
PaysIrak
25%
PaysIran
25%
PaysIrlande
25%
PaysIslande
25%
PaysIsraël
25%
PaysJamaïque
25%
PaysJapon
25%
PaysJordanie
25%
PaysKazakhstan
25%
PaysKenya
25%
PaysKirghizistan
25%
PaysKiribati
25%
PaysKosovo
25%
PaysKoweït
25%
PaysLaos
25%
PaysLesotho
25%
PaysLettonie
25%
PaysLiban
25%
PaysLiberia
25%
PaysLibye
25%
PaysLiechtenstein
25%
PaysLituanie
25%
PaysLuxembourg
25%
PaysMalaisie
25%
PaysMalawi
25%
PaysMaldives
25%
PaysMali
25%
PaysMalte
25%
PaysMaroc
25%
PaysMaurice
25%
PaysMauritanie
25%
PaysMexique
25%
PaysMoldavie
25%
PaysMonaco
25%
PaysMongolie
25%
PaysMonténégro
25%
PaysMozambique
25%
PaysNauru
25%
PaysNépal
25%
PaysNicaragua
25%
PaysNiger
25%
PaysNorvège
25%
PaysNouvelle-Zélande
25%
PaysOman
25%
PaysOuganda
25%
PaysOuzbékistan
25%
PaysPakistan
25%
PaysPalaos
25%
PaysPanama
25%
PaysPapouasie-Nouvelle-
Guinée
25%
PaysPays-Bas
25%
PaysPays Mystérieux (Nicaragua)
25%
PaysPérou
25%
PaysPhilippines
25%
PaysPortugal
25%
PaysQatar
25%
PaysRépublique Centrafricaine
25%
PaysRépublique Démocratique
du Congo
25%
PaysRépublique du Congo
25%
PaysRépublique Tchèque
25%
PaysRoumanie
25%
PaysRwanda
25%
PaysSaint-Christophe-
et-Niévès
25%
PaysSaint-Marin
25%
PaysSaint-Vincent-et-les-
Grenadines
25%
PaysSamoa
25%
PaysSao Tomé-et-Principe
25%
PaysSénégal
25%
PaysSerbie
25%
PaysSeychelles
25%
PaysSierra Leone
25%
PaysSingapour
25%
PaysSlovaquie
25%
PaysSlovénie
25%
PaysSomalie
25%
PaysSoudan
25%
PaysSoudan du Sud
25%
PaysSri Lanka
25%
PaysSuède
25%
PaysSuisse
25%
PaysSyrie
25%
PaysTadjikistan
25%
PaysTaïwan
25%
PaysTanzanie
25%
PaysTchad
25%
PaysThaïlande
25%
PaysTimor Oriental
25%
PaysTogo
25%
PaysTonga
25%
PaysTrinité-et-Tobago
25%
PaysTunisie
25%
PaysTurkménistan
25%
PaysTurquie
25%
PaysTuvalu
25%
PaysUruguay
25%
PaysVanuatu
25%
PaysVenezuela
25%
PaysViêt Nam
25%
PaysYémen
25%
PaysZambie
25%
PaysZimbabwe
25%
PaysAfghanistan
24%
PaysAfrique du Sud
24%
PaysAlbanie
24%
PaysAlgérie
24%
PaysAllemagne
24%
PaysAngola
24%
PaysAntigua-et-Barbuda
24%
PaysArabie Saoudite
24%
PaysArgentine
24%
PaysArménie
24%
PaysAutriche
24%
PaysAzerbaïdjan
24%
PaysBahamas
24%
PaysBahreïn
24%
PaysBangladesh
24%
PaysBarbade
24%
PaysBelgique
24%
PaysBelize
24%
PaysBhoutan
24%
PaysBiélorussie
24%
PaysBirmanie
24%
PaysBolivie
24%
PaysBosnie-Herzégovine
24%
PaysBotswana
24%
PaysBrésil
24%
PaysBrunei
24%
PaysBulgarie
24%
PaysCambodge
24%
PaysCameroun
24%
PaysChili
24%
PaysChypre
24%
PaysColombie
24%
PaysComores
24%
PaysCorée du Nord
24%
PaysCorée du Sud
24%
PaysCôte d'Ivoire
24%
PaysCroatie
24%
PaysCuba
24%
PaysDanemark
24%
PaysDominique
24%
PaysÉgypte
24%
PaysÉmirats Arabes Unis
24%
PaysÉquateur
24%
PaysEstonie
24%
PaysEswatini
24%
PaysÉtats Fédérés de Micronésie
24%
PaysÉthiopie
24%
PaysFidji
24%
PaysFinlande
24%
PaysGabon
24%
PaysGéorgie
24%
PaysGhana
24%
PaysGrèce
24%
PaysGrenade
24%
PaysGuatemala
24%
PaysGuinée
24%
PaysGuinée-Bissau
24%
PaysGuinée Équatoriale
24%
PaysGuyana
24%
PaysHaïti
24%
PaysHonduras
24%
PaysHongrie
24%
PaysÎles Marshall
24%
PaysÎles Salomon
24%
PaysInde
24%
PaysIndonésie
24%
PaysIrak
24%
PaysIran
24%
PaysIrlande
24%
PaysIslande
24%
PaysIsraël
24%
PaysItalie
24%
PaysJamaïque
24%
PaysJapon
24%
PaysJordanie
24%
PaysKazakhstan
24%
PaysKenya
24%
PaysKirghizistan
24%
PaysKiribati
24%
PaysKosovo
24%
PaysKoweït
24%
PaysLaos
24%
PaysLesotho
24%
PaysLettonie
24%
PaysLiban
24%
PaysLibye
24%
PaysLiechtenstein
24%
PaysLituanie
24%
PaysLuxembourg
24%
PaysMacédoine du Nord
24%
PaysMadagascar
24%
PaysMalaisie
24%
PaysMali
24%
PaysMalte
24%
PaysMaroc
24%
PaysMauritanie
24%
PaysMexique
24%
PaysMoldavie
24%
PaysMonaco
24%
PaysMongolie
24%
PaysNamibie
24%
PaysNauru
24%
PaysNépal
24%
PaysNicaragua
24%
PaysNiger
24%
PaysNigeria
24%
PaysNorvège
24%
PaysOman
24%
PaysOuzbékistan
24%
PaysPakistan
24%
PaysPanama
24%
PaysPapouasie-Nouvelle-
Guinée
24%
PaysParaguay
24%
PaysPays Mystérieux (Madagascar)
24%
PaysPérou
24%
PaysPhilippines
24%
PaysPortugal
24%
PaysQatar
24%
PaysRépublique Démocratique
du Congo
24%
PaysRépublique Dominicaine
24%
PaysRépublique Tchèque
24%
PaysRoumanie
24%
PaysRoyaume-Uni
24%
PaysRwanda
24%
PaysSaint-Christophe-
et-Niévès
24%
PaysSainte-Lucie
24%
PaysSaint-Marin
24%
PaysSaint-Vincent-et-les-
Grenadines
24%
PaysSalvador
24%
PaysSamoa
24%
PaysSao Tomé-et-Principe
24%
PaysSénégal
24%
PaysSeychelles
24%
PaysSierra Leone
24%
PaysSingapour
24%
PaysSlovaquie
24%
PaysSlovénie
24%
PaysSomalie
24%
PaysSoudan
24%
PaysSoudan du Sud
24%
PaysSri Lanka
24%
PaysSuède
24%
PaysSuisse
24%
PaysSuriname
24%
PaysSyrie
24%
PaysTadjikistan
24%
PaysTaïwan
24%
PaysTchad
24%
PaysThaïlande
24%
PaysTimor Oriental
24%
PaysTogo
24%
PaysTonga
24%
PaysTrinité-et-Tobago
24%
PaysTunisie
24%
PaysTurkménistan
24%
PaysTurquie
24%
PaysTuvalu
24%
PaysUkraine
24%
PaysUruguay
24%
PaysVanuatu
24%
PaysVatican
24%
PaysVenezuela
24%
PaysViêt Nam
24%
PaysYémen
24%
PaysZimbabwe
24%
PaysAfghanistan
23%
PaysAfrique du Sud
23%
PaysAlbanie
23%
Pays | Pays | Pays | Pays Andorre
23%
PaysAngola
23%
PaysAntigua-et-Barbuda
23%
PaysArabie Saoudite
23%
PaysArgentine
23%
PaysArménie
23%
PaysAustralie
23%
PaysAutriche
23%
PaysAzerbaïdjan
23%
PaysBahamas
23%
PaysBahreïn
23%
PaysBangladesh
23%
PaysBarbade
23%
PaysBelgique
23%
PaysBelize
23%
PaysBénin
23%
PaysBhoutan
23%
PaysBiélorussie
23%
PaysBirmanie
23%
PaysBolivie
23%
PaysBosnie-Herzégovine
23%
PaysBotswana
23%
PaysBulgarie
23%
PaysBurkina Faso
23%
PaysBurundi
23%
PaysCambodge
23%
PaysCameroun
23%
PaysCap-Vert
23%
PaysChili
23%
PaysChypre
23%
PaysColombie
23%
PaysComores
23%
PaysCorée du Nord
23%
PaysCorée du Sud
23%
PaysCosta Rica
23%
PaysCôte d'Ivoire
23%
PaysCroatie
23%
PaysCuba
23%
PaysDanemark
23%
PaysDjibouti
23%
PaysDominique
23%
PaysÉgypte
23%
PaysÉmirats Arabes Unis
23%
PaysÉquateur
23%
PaysÉrythrée
23%
PaysEstonie
23%
PaysEswatini
23%
PaysÉtats Fédérés de Micronésie
23%
PaysÉthiopie
23%
PaysFidji
23%
PaysFinlande
23%
PaysGabon
23%
PaysGambie
23%
PaysGéorgie
23%
PaysGhana
23%
PaysGrenade
23%
PaysGuatemala
23%
PaysGuinée
23%
PaysGuinée Équatoriale
23%
PaysGuyana
23%
PaysHaïti
23%
PaysHonduras
23%
PaysHongrie
23%
PaysÎles Marshall
23%
PaysInde
23%
PaysIrak
23%
PaysIran
23%
PaysIrlande
23%
PaysIslande
23%
PaysIsraël
23%
PaysItalie
23%
PaysJamaïque
23%
PaysJapon
23%
PaysJordanie
23%
PaysKazakhstan
23%
PaysKenya
23%
PaysKirghizistan
23%
PaysKosovo
23%
PaysLaos
23%
PaysLesotho
23%
PaysLettonie
23%
PaysLiban
23%
PaysLiberia
23%
PaysLibye
23%
PaysLiechtenstein
23%
PaysLituanie
23%
PaysMacédoine du Nord
23%
PaysMalaisie
23%
PaysMalawi
23%
PaysMaldives
23%
PaysMali
23%
PaysMalte
23%
PaysMaroc
23%
PaysMaurice
23%
PaysMauritanie
23%
PaysMexique
23%
PaysMoldavie
23%
PaysMonaco
23%
PaysMongolie
23%
PaysMonténégro
23%
PaysMozambique
23%
PaysNamibie
23%
PaysNauru
23%
PaysNépal
23%
PaysNicaragua
23%
PaysNiger
23%
PaysNigeria
23%
PaysNorvège
23%
PaysNouvelle-Zélande
23%
PaysOman
23%
PaysOuganda
23%
PaysOuzbékistan
23%
PaysPakistan
23%
PaysPalaos
23%
PaysPanama
23%
PaysPapouasie-Nouvelle-
Guinée
23%
PaysParaguay
23%
PaysPays-Bas
23%
PaysPérou
23%
PaysPhilippines
23%
PaysQatar
23%
PaysRépublique Centrafricaine
23%
PaysRépublique Démocratique
du Congo
23%
PaysRépublique Dominicaine
23%
PaysRépublique du Congo
23%
PaysRépublique Tchèque
23%
PaysRoumanie
23%
PaysRoyaume-Uni
23%
PaysRwanda
23%
PaysSainte-Lucie
23%
PaysSaint-Marin
23%
PaysSaint-Vincent-et-les-
Grenadines
23%
PaysSalvador
23%
PaysSamoa
23%
PaysSao Tomé-et-Principe
23%
PaysSénégal
23%
PaysSerbie
23%
PaysSeychelles
23%
PaysSierra Leone
23%
PaysSingapour
23%
PaysSlovaquie
23%
PaysSlovénie
23%
PaysSomalie
23%
PaysSoudan
23%
PaysSoudan du Sud
23%
PaysSri Lanka
23%
PaysSuède
23%
PaysSuisse
23%
PaysSuriname
23%
PaysSyrie
23%
PaysTadjikistan
23%
PaysTaïwan
23%
PaysTanzanie
23%
PaysTchad
23%
PaysTimor Oriental
23%
PaysTogo
23%
PaysTonga
23%
PaysTrinité-et-Tobago
23%
PaysTunisie
23%
PaysTurkménistan
23%
PaysTurquie
23%
PaysTuvalu
23%
PaysUkraine
23%
PaysUruguay
23%
PaysVanuatu
23%
PaysVatican
23%
PaysVenezuela
23%
PaysViêt Nam
23%
PaysYémen
23%
PaysZambie
23%
PaysZimbabwe
23%
PaysAfghanistan
22%
PaysAlbanie
22%
Pays | Pays Andorre
22%
PaysAngola
22%
PaysAntigua-et-Barbuda
22%
PaysArabie Saoudite
22%
PaysArgentine
22%
PaysArménie
22%
PaysAutriche
22%
PaysAzerbaïdjan
22%
PaysBahamas
22%
PaysBahreïn
22%
PaysBangladesh
22%
PaysBarbade
22%
PaysBelgique
22%
PaysBelize
22%
PaysBénin
22%
PaysBhoutan
22%
PaysBiélorussie
22%
PaysBirmanie
22%
PaysBolivie
22%
PaysBosnie-Herzégovine
22%
PaysBotswana
22%
PaysBrésil
22%
PaysBrunei
22%
PaysBulgarie
22%
PaysBurkina Faso
22%
PaysBurundi
22%
PaysCambodge
22%
PaysCameroun
22%
PaysCap-Vert
22%
PaysChili
22%
PaysChypre
22%
PaysComores
22%
PaysCorée du Nord
22%
PaysCorée du Sud
22%
PaysCosta Rica
22%
PaysCôte d'Ivoire
22%
PaysCroatie
22%
PaysCuba
22%
PaysDanemark
22%
PaysDjibouti
22%
PaysDominique
22%
PaysÉmirats Arabes Unis
22%
PaysÉquateur
22%
PaysÉrythrée
22%
PaysEstonie
22%
PaysEswatini
22%
PaysÉtats Fédérés de Micronésie
22%
PaysÉthiopie
22%
PaysFidji
22%
PaysFinlande
22%
PaysGabon
22%
PaysGambie
22%
PaysGéorgie
22%
PaysGhana
22%
PaysGrèce
22%
PaysGrenade
22%
PaysGuatemala
22%
PaysGuinée
22%
PaysGuinée-Bissau
22%
PaysGuinée Équatoriale
22%
PaysGuyana
22%
PaysHaïti
22%
PaysHonduras
22%
PaysHongrie
22%
PaysÎles Marshall
22%
PaysÎles Salomon
22%
PaysInde
22%
PaysIndonésie
22%
PaysIrak
22%
PaysIran
22%
PaysIrlande
22%
PaysIslande
22%
PaysIsraël
22%
PaysJamaïque
22%
PaysJordanie
22%
PaysKazakhstan
22%
PaysKenya
22%
PaysKirghizistan
22%
PaysKiribati
22%
PaysKosovo
22%
PaysKoweït
22%
PaysLaos
22%
PaysLesotho
22%
PaysLettonie
22%
PaysLiberia
22%
PaysLibye
22%
PaysLiechtenstein
22%
PaysLituanie
22%
PaysLuxembourg
22%
PaysMacédoine du Nord
22%
PaysMadagascar
22%
PaysMalaisie
22%
PaysMalawi
22%
PaysMaldives
22%
PaysMali
22%
PaysMaurice
22%
PaysMauritanie
22%
PaysMexique
22%
PaysMoldavie
22%
PaysMonaco
22%
PaysMongolie
22%
PaysMonténégro
22%
PaysMozambique
22%
PaysNamibie
22%
PaysNauru
22%
PaysNépal
22%
PaysNicaragua
22%
PaysNiger
22%
PaysNigeria
22%
PaysNorvège
22%
PaysNouvelle-Zélande
22%
PaysOman
22%
PaysOuganda
22%
PaysOuzbékistan
22%
PaysPalaos
22%
PaysPanama
22%
PaysPapouasie-Nouvelle-
Guinée
22%
PaysParaguay
22%
PaysPays-Bas
22%
PaysPays Mystérieux (Angola)
22%
PaysPays Mystérieux (Corée du Nord)
22%
PaysPays Mystérieux (Kiribati)
22%
PaysPays Mystérieux (Tonga)
22%
PaysPérou
22%
PaysQatar
22%
PaysRépublique Centrafricaine
22%
PaysRépublique Démocratique
du Congo
22%
PaysRépublique Dominicaine
22%
PaysRépublique du Congo
22%
PaysRépublique Tchèque
22%
PaysRoumanie
22%
PaysRwanda
22%
PaysSaint-Christophe-
et-Niévès
22%
PaysSainte-Lucie
22%
PaysSaint-Marin
22%
PaysSaint-Vincent-et-les-
Grenadines
22%
PaysSalvador
22%
PaysSamoa
22%
PaysSao Tomé-et-Principe
22%
PaysSénégal
22%
PaysSeychelles
22%
PaysSierra Leone
22%
PaysSlovaquie
22%
PaysSlovénie
22%
PaysSoudan
22%
PaysSoudan du Sud
22%
PaysSri Lanka
22%
PaysSuède
22%
PaysSuriname
22%
PaysSyrie
22%
PaysTadjikistan
22%
PaysTaïwan
22%
PaysTanzanie
22%
PaysTchad
22%
PaysThaïlande
22%
PaysTimor Oriental
22%
PaysTogo
22%
PaysTonga
22%
PaysTrinité-et-Tobago
22%
PaysTunisie
22%
PaysTurkménistan
22%
PaysTurquie
22%
PaysTuvalu
22%
PaysUkraine
22%
PaysUruguay
22%
PaysVanuatu
22%
PaysVatican
22%
PaysVenezuela
22%
PaysViêt Nam
22%
PaysZambie
22%
PaysZimbabwe
22%
PaysAfghanistan
21%
PaysAfrique du Sud
21%
PaysAlgérie
21%
Pays Andorre
21%
PaysAngola
21%
PaysAntigua-et-Barbuda
21%
PaysArabie Saoudite
21%
PaysArgentine
21%
PaysArménie
21%
PaysAutriche
21%
PaysAzerbaïdjan
21%
PaysBahamas
21%
PaysBahreïn
21%
PaysBangladesh
21%
PaysBarbade
21%
PaysBelize
21%
PaysBiélorussie
21%
PaysBirmanie
21%
PaysBolivie
21%
PaysBotswana
21%
PaysBrunei
21%
PaysBulgarie
21%
PaysBurkina Faso
21%
PaysBurundi
21%
PaysCambodge
21%
PaysCameroun
21%
PaysCap-Vert
21%
PaysChili
21%
PaysChypre
21%
PaysColombie
21%
PaysComores
21%
PaysCorée du Nord
21%
PaysCorée du Sud
21%
PaysCosta Rica
21%
PaysCôte d'Ivoire
21%
PaysCroatie
21%
PaysCuba
21%
PaysDanemark
21%
PaysDjibouti
21%
PaysDominique
21%
PaysÉgypte
21%
PaysÉmirats Arabes Unis
21%
PaysÉquateur
21%
PaysÉrythrée
21%
PaysEstonie
21%
PaysEswatini
21%
PaysÉtats Fédérés de Micronésie
21%
PaysÉthiopie
21%
PaysFidji
21%
PaysFinlande
21%
PaysGabon
21%
PaysGambie
21%
PaysGéorgie
21%
PaysGhana
21%
PaysGrèce
21%
PaysGrenade
21%
PaysGuatemala
21%
PaysGuinée
21%
PaysGuinée-Bissau
21%
PaysGuinée Équatoriale
21%
PaysGuyana
21%
PaysHaïti
21%
PaysHonduras
21%
PaysHongrie
21%
PaysÎles Marshall
21%
PaysÎles Salomon
21%
PaysIndonésie
21%
PaysIrak
21%
PaysIran
21%
PaysIrlande
21%
PaysIslande
21%
PaysIsraël
21%
PaysItalie
21%
PaysJamaïque
21%
PaysJapon
21%
PaysJordanie
21%
PaysKazakhstan
21%
PaysKenya
21%
PaysKiribati
21%
PaysKosovo
21%
PaysKoweït
21%
PaysLaos
21%
PaysLesotho
21%
PaysLettonie
21%
PaysLiban
21%
PaysLiberia
21%
PaysLibye
21%
PaysLiechtenstein
21%
PaysLituanie
21%
PaysLuxembourg
21%
PaysMacédoine du Nord
21%
PaysMadagascar
21%
PaysMalaisie
21%
PaysMalawi
21%
PaysMaldives
21%
PaysMali
21%
PaysMaroc
21%
PaysMaurice
21%
PaysMauritanie
21%
PaysMexique
21%
PaysMoldavie
21%
PaysMozambique
21%
PaysNamibie
21%
PaysNauru
21%
PaysNépal
21%
PaysNicaragua
21%
PaysNiger
21%
PaysNigeria
21%
PaysNorvège
21%
PaysNouvelle-Zélande
21%
PaysOman
21%
PaysOuganda
21%
PaysOuzbékistan
21%
PaysPakistan
21%
PaysPalaos
21%
PaysPanama
21%
PaysPapouasie-Nouvelle-
Guinée
21%
PaysParaguay
21%
PaysPays-Bas
21%
PaysPays Mystérieux (Irak)
21%
PaysPays Mystérieux (Kazakhstan)
21%
PaysPhilippines
21%
PaysPortugal
21%
PaysQatar
21%
PaysRépublique Centrafricaine
21%
PaysRépublique Démocratique
du Congo
21%
PaysRépublique Dominicaine
21%
PaysRépublique du Congo
21%
PaysRoumanie
21%
PaysRoyaume-Uni
21%
PaysRwanda
21%
PaysSaint-Christophe-
et-Niévès
21%
PaysSainte-Lucie
21%
PaysSaint-Vincent-et-les-
Grenadines
21%
PaysSalvador
21%
PaysSamoa
21%
PaysSao Tomé-et-Principe
21%
PaysSénégal
21%
PaysSerbie
21%
PaysSeychelles
21%
PaysSierra Leone
21%
PaysSingapour
21%
PaysSlovaquie
21%
PaysSlovénie
21%
PaysSomalie
21%
PaysSoudan
21%
PaysSoudan du Sud
21%
PaysSuède
21%
PaysSuisse
21%
PaysSuriname
21%
PaysTadjikistan
21%
PaysTanzanie
21%
PaysTchad
21%
PaysThaïlande
21%
PaysTimor Oriental
21%
PaysTogo
21%
PaysTonga
21%
PaysTrinité-et-Tobago
21%
PaysTunisie
21%
PaysTurkménistan
21%
PaysTurquie
21%
PaysTuvalu
21%
PaysUkraine
21%
PaysUruguay
21%
PaysVanuatu
21%
PaysVatican
21%
PaysVenezuela
21%
PaysViêt Nam
21%
PaysYémen
21%
PaysZambie
21%
PaysZimbabwe
21%
PaysAfghanistan
20%
PaysAlbanie
20%
PaysAlgérie
20%
Pays | Pays | Pays Andorre
20%
PaysAngola
20%
PaysAntigua-et-Barbuda
20%
PaysArabie Saoudite
20%
PaysArgentine
20%
PaysAutriche
20%
PaysAzerbaïdjan
20%
PaysBahamas
20%
PaysBahreïn
20%
PaysBangladesh
20%
PaysBarbade
20%
PaysBelgique
20%
PaysBelize
20%
PaysBénin
20%
PaysBhoutan
20%
PaysBiélorussie
20%
PaysBirmanie
20%
PaysBolivie
20%
PaysBosnie-Herzégovine
20%
PaysBotswana
20%
PaysBrunei
20%
PaysBulgarie
20%
PaysBurkina Faso
20%
PaysBurundi
20%
PaysCambodge
20%
PaysCameroun
20%
PaysCap-Vert
20%
PaysChili
20%
PaysChypre
20%
PaysColombie
20%
PaysComores
20%
PaysCorée du Nord
20%
PaysCorée du Sud
20%
PaysCosta Rica
20%
PaysCôte d'Ivoire
20%
PaysCroatie
20%
PaysCuba
20%
PaysDanemark
20%
PaysDjibouti
20%
PaysDominique
20%
PaysÉgypte
20%
PaysÉmirats Arabes Unis
20%
PaysÉquateur
20%
PaysÉrythrée
20%
PaysEstonie
20%
PaysEswatini
20%
PaysÉtats Fédérés de Micronésie
20%
PaysÉthiopie
20%
PaysFidji
20%
PaysFinlande
20%
PaysGabon
20%
PaysGambie
20%
PaysGéorgie
20%
PaysGhana
20%
PaysGrèce
20%
PaysGrenade
20%
PaysGuatemala
20%
PaysGuinée
20%
PaysGuinée-Bissau
20%
PaysGuinée Équatoriale
20%
PaysGuyana
20%
PaysHaïti
20%
PaysHonduras
20%
PaysHongrie
20%
PaysÎles Marshall
20%
PaysÎles Salomon
20%
PaysIndonésie
20%
PaysIrak
20%
PaysIran
20%
PaysIrlande
20%
PaysIslande
20%
PaysJamaïque
20%
PaysJapon
20%
PaysJordanie
20%
PaysKenya
20%
PaysKirghizistan
20%
PaysKiribati
20%
PaysKosovo
20%
PaysKoweït
20%
PaysLaos
20%
PaysLesotho
20%
PaysLettonie
20%
PaysLiban
20%
PaysLiberia
20%
PaysLibye
20%
PaysLiechtenstein
20%
PaysLituanie
20%
PaysMacédoine du Nord
20%
PaysMadagascar
20%
PaysMalaisie
20%
PaysMalawi
20%
PaysMaldives
20%
PaysMali
20%
PaysMalte
20%
PaysMaroc
20%
PaysMaurice
20%
PaysMauritanie
20%
PaysMexique
20%
PaysMoldavie
20%
PaysMonaco
20%
PaysMongolie
20%
PaysMonténégro
20%
PaysMozambique
20%
PaysNamibie
20%
PaysNauru
20%
PaysNépal
20%
PaysNiger
20%
PaysNigeria
20%
PaysNorvège
20%
PaysNouvelle-Zélande
20%
PaysOman
20%
PaysOuganda
20%
PaysOuzbékistan
20%
PaysPakistan
20%
PaysPalaos
20%
PaysPanama
20%
PaysPapouasie-Nouvelle-
Guinée
20%
PaysPays-Bas
20%
PaysPays Mystérieux (Monaco)
20%
PaysPérou
20%
PaysPhilippines
20%
PaysQatar
20%
PaysRépublique Centrafricaine
20%
PaysRépublique Démocratique
du Congo
20%
PaysRépublique Dominicaine
20%
PaysRépublique du Congo
20%
PaysRépublique Tchèque
20%
PaysRoumanie
20%
PaysRoyaume-Uni
20%
PaysRwanda
20%
PaysSaint-Christophe-
et-Niévès
20%
PaysSainte-Lucie
20%
PaysSaint-Marin
20%
PaysSaint-Vincent-et-les-
Grenadines
20%
PaysSalvador
20%
PaysSamoa
20%
PaysSao Tomé-et-Principe
20%
PaysSénégal
20%
PaysSerbie
20%
PaysSeychelles
20%
PaysSierra Leone
20%
PaysSingapour
20%
PaysSlovaquie
20%
PaysSlovénie
20%
PaysSomalie
20%
PaysSoudan
20%
PaysSoudan du Sud
20%
PaysSri Lanka
20%
PaysSuisse
20%
PaysSuriname
20%
PaysSyrie
20%
PaysTadjikistan
20%
PaysTaïwan
20%
PaysTanzanie
20%
PaysTchad
20%
PaysThaïlande
20%
PaysTimor Oriental
20%
PaysTogo
20%
PaysTonga
20%
PaysTrinité-et-Tobago
20%
PaysTunisie
20%
PaysTurkménistan
20%
PaysTurquie
20%
PaysTuvalu
20%
PaysUkraine
20%
PaysVanuatu
20%
PaysVatican
20%
PaysVenezuela
20%
PaysViêt Nam
20%
PaysYémen
20%
PaysZambie
20%
PaysZimbabwe
20%
PaysAfghanistan
19%
PaysAfrique du Sud
19%
PaysAlbanie
19%
Pays Andorre
19%
PaysAngola
19%
PaysAntigua-et-Barbuda
19%
PaysArabie Saoudite
19%
PaysArgentine
19%
PaysArménie
19%
PaysAutriche
19%
PaysAzerbaïdjan
19%
PaysBahamas
19%
PaysBahreïn
19%
PaysBangladesh
19%
PaysBarbade
19%
PaysBelgique
19%
PaysBelize
19%
PaysBénin
19%
PaysBhoutan
19%
PaysBiélorussie
19%
PaysBirmanie
19%
PaysBolivie
19%
PaysBosnie-Herzégovine
19%
PaysBotswana
19%
PaysBrunei
19%
PaysBulgarie
19%
PaysBurkina Faso
19%
PaysBurundi
19%
PaysCambodge
19%
PaysCameroun
19%
PaysCap-Vert
19%
PaysChili
19%
PaysChypre
19%
PaysColombie
19%
PaysComores
19%
PaysCorée du Nord
19%
PaysCorée du Sud
19%
PaysCosta Rica
19%
PaysCôte d'Ivoire
19%
PaysCroatie
19%
PaysCuba
19%
PaysDanemark
19%
PaysDjibouti
19%
PaysDominique
19%
PaysÉgypte
19%
PaysÉmirats Arabes Unis
19%
PaysÉquateur
19%
PaysÉrythrée
19%
PaysEstonie
19%
PaysEswatini
19%
PaysÉtats Fédérés de Micronésie
19%
PaysÉthiopie
19%
PaysFidji
19%
PaysFinlande
19%
PaysGabon
19%
PaysGambie
19%
PaysGéorgie
19%
PaysGhana
19%
PaysGrèce
19%
PaysGrenade
19%
PaysGuatemala
19%
PaysGuinée
19%
PaysGuinée-Bissau
19%
PaysGuinée Équatoriale
19%
PaysGuyana
19%
PaysHaïti
19%
PaysHonduras
19%
PaysHongrie
19%
PaysÎles Marshall
19%
PaysÎles Salomon
19%
PaysIndonésie
19%
PaysIrak
19%
PaysIran
19%
PaysIrlande
19%
PaysIsraël
19%
PaysJamaïque
19%
PaysJordanie
19%
PaysKazakhstan
19%
PaysKenya
19%
PaysKirghizistan
19%
PaysKiribati
19%
PaysKosovo
19%
PaysKoweït
19%
PaysLaos
19%
PaysLesotho
19%
PaysLettonie
19%
PaysLiban
19%
PaysLiberia
19%
PaysLibye
19%
PaysLituanie
19%
PaysLuxembourg
19%
PaysMacédoine du Nord
19%
PaysMalaisie
19%
PaysMalawi
19%
PaysMaldives
19%
PaysMali
19%
PaysMaurice
19%
PaysMexique
19%
PaysMoldavie
19%
PaysMonaco
19%
PaysMongolie
19%
PaysMonténégro
19%
PaysMozambique
19%
PaysNamibie
19%
PaysNauru
19%
PaysNépal
19%
PaysNicaragua
19%
PaysNiger
19%
PaysNigeria
19%
PaysNorvège
19%
PaysOman
19%
PaysOuganda
19%
PaysOuzbékistan
19%
PaysPakistan
19%
PaysPalaos
19%
PaysPanama
19%
PaysPapouasie-Nouvelle-
Guinée
19%
PaysParaguay
19%
PaysPays-Bas
19%
PaysPays Mystérieux (Afghanistan)
19%
PaysPays Mystérieux (Palaos)
19%
PaysPays Mystérieux (Slovénie)
19%
PaysPays Mystérieux (Viêt Nam)
19%
PaysPérou
19%
PaysPhilippines
19%
PaysPortugal
19%
PaysQatar
19%
PaysRépublique Centrafricaine
19%
PaysRépublique Démocratique
du Congo
19%
PaysRépublique Dominicaine
19%
PaysRépublique du Congo
19%
PaysRoumanie
19%
PaysRoyaume-Uni
19%
PaysRwanda
19%
PaysSaint-Christophe-
et-Niévès
19%
PaysSainte-Lucie
19%
PaysSaint-Marin
19%
PaysSaint-Vincent-et-les-
Grenadines
19%
PaysSalvador
19%
PaysSamoa
19%
PaysSao Tomé-et-Principe
19%
PaysSénégal
19%
PaysSeychelles
19%
PaysSierra Leone
19%
PaysSingapour
19%
PaysSlovénie
19%
PaysSomalie
19%
PaysSoudan
19%
PaysSoudan du Sud
19%
PaysSri Lanka
19%
PaysSuède
19%
PaysSuisse
19%
PaysSuriname
19%
PaysTadjikistan
19%
PaysTaïwan
19%
PaysTanzanie
19%
PaysTchad
19%
PaysThaïlande
19%
PaysTimor Oriental
19%
PaysTonga
19%
PaysTrinité-et-Tobago
19%
PaysTunisie
19%
PaysTurkménistan
19%
PaysTurquie
19%
PaysTuvalu
19%
PaysUkraine
19%
PaysUruguay
19%
PaysVanuatu
19%
PaysVenezuela
19%
PaysViêt Nam
19%
PaysYémen
19%
PaysZambie
19%
PaysZimbabwe
19%
PaysAfghanistan
18%
PaysAlbanie
18%
Pays | Pays | Pays Andorre
18%
PaysAngola
18%
PaysAntigua-et-Barbuda
18%
PaysArabie Saoudite
18%
PaysArgentine
18%
PaysArménie
18%
PaysAutriche
18%
PaysAzerbaïdjan
18%
PaysBahamas
18%
PaysBahreïn
18%
PaysBangladesh
18%
PaysBarbade
18%
PaysBelize
18%
PaysBhoutan
18%
PaysBiélorussie
18%
PaysBirmanie
18%
PaysBolivie
18%
PaysBosnie-Herzégovine
18%
PaysBotswana
18%
PaysBrunei
18%
PaysBulgarie
18%
PaysBurkina Faso
18%
PaysBurundi
18%
PaysCambodge
18%
PaysCameroun
18%
PaysCap-Vert
18%
PaysChypre
18%
PaysColombie
18%
PaysComores
18%
PaysCorée du Nord
18%
PaysCorée du Sud
18%
PaysCroatie
18%
PaysCuba
18%
PaysDanemark
18%
PaysDominique
18%
PaysÉgypte
18%
PaysÉquateur
18%
PaysÉrythrée
18%
PaysEstonie
18%
PaysEswatini
18%
PaysÉtats Fédérés de Micronésie
18%
PaysÉthiopie
18%
PaysFinlande
18%
PaysGabon
18%
PaysGambie
18%
PaysGhana
18%
PaysGrèce
18%
PaysGrenade
18%
PaysGuatemala
18%
PaysGuinée
18%
PaysGuinée-Bissau
18%
PaysGuinée Équatoriale
18%
PaysHaïti
18%
PaysHonduras
18%
PaysHongrie
18%
PaysÎles Marshall
18%
PaysÎles Salomon
18%
PaysInde
18%
PaysIndonésie
18%
PaysIrak
18%
PaysIran
18%
PaysIrlande
18%
PaysIslande
18%
PaysIsraël
18%
PaysJordanie
18%
PaysKazakhstan
18%
PaysKenya
18%
PaysKirghizistan
18%
PaysKiribati
18%
PaysKosovo
18%
PaysLaos
18%
PaysLettonie
18%
PaysLiban
18%
PaysLiberia
18%
PaysLibye
18%
PaysLiechtenstein
18%
PaysLituanie
18%
PaysLuxembourg
18%
PaysMacédoine du Nord
18%
PaysMadagascar
18%
PaysMalaisie
18%
PaysMalawi
18%
PaysMaldives
18%
PaysMali
18%
PaysMalte
18%
PaysMauritanie
18%
PaysMoldavie
18%
PaysMonaco
18%
PaysMongolie
18%
PaysMonténégro
18%
PaysNauru
18%
PaysNicaragua
18%
PaysNiger
18%
PaysNigeria
18%
PaysNorvège
18%
PaysNouvelle-Zélande
18%
PaysOman
18%
PaysOuzbékistan
18%
PaysPakistan
18%
PaysPalaos
18%
PaysPanama
18%
PaysParaguay
18%
PaysPays-Bas
18%
PaysPays Mystérieux (Slovaquie)
18%
PaysPérou
18%
PaysPhilippines
18%
PaysRépublique Centrafricaine
18%
PaysRépublique Démocratique
du Congo
18%
PaysRépublique Dominicaine
18%
PaysRépublique du Congo
18%
PaysRoumanie
18%
PaysRoyaume-Uni
18%
PaysRwanda
18%
PaysSaint-Christophe-
et-Niévès
18%
PaysSainte-Lucie
18%
PaysSaint-Marin
18%
PaysSaint-Vincent-et-les-
Grenadines
18%
PaysSalvador
18%
PaysSamoa
18%
PaysSao Tomé-et-Principe
18%
PaysSénégal
18%
PaysSerbie
18%
PaysSeychelles
18%
PaysSingapour
18%
PaysSomalie
18%
PaysSoudan
18%
PaysSri Lanka
18%
PaysSuède
18%
PaysSuisse
18%
PaysSuriname
18%
PaysSyrie
18%
PaysTadjikistan
18%
PaysTaïwan
18%
PaysTchad
18%
PaysThaïlande
18%
PaysTimor Oriental
18%
PaysTogo
18%
PaysTonga
18%
PaysTrinité-et-Tobago
18%
PaysTurkménistan
18%
PaysTurquie
18%
PaysTuvalu
18%
PaysUkraine
18%
PaysUruguay
18%
PaysVanuatu
18%
PaysVatican
18%
PaysVenezuela
18%
PaysViêt Nam
18%
PaysYémen
18%
PaysAfghanistan
17%
PaysAfrique du Sud
17%
PaysAlbanie
17%
Pays | Pays | Pays Andorre
17%
PaysAngola
17%
PaysAntigua-et-Barbuda
17%
PaysArabie Saoudite
17%
PaysArgentine
17%
PaysArménie
17%
PaysAutriche
17%
PaysAzerbaïdjan
17%
PaysBahamas
17%
PaysBahreïn
17%
PaysBangladesh
17%
PaysBarbade
17%
PaysBelgique
17%
PaysBelize
17%
PaysBénin
17%
PaysBhoutan
17%
PaysBiélorussie
17%
PaysBirmanie
17%
PaysBolivie
17%
PaysBosnie-Herzégovine
17%
PaysBotswana
17%
PaysBrunei
17%
PaysBulgarie
17%
PaysCambodge
17%
PaysCameroun
17%
PaysCap-Vert
17%
PaysChili
17%
PaysChypre
17%
PaysColombie
17%
PaysComores
17%
PaysCorée du Nord
17%
PaysCorée du Sud
17%
PaysCosta Rica
17%
PaysCôte d'Ivoire
17%
PaysCroatie
17%
PaysCuba
17%
PaysDanemark
17%
PaysDjibouti
17%
PaysDominique
17%
PaysÉmirats Arabes Unis
17%
PaysÉquateur
17%
PaysEstonie
17%
PaysEswatini
17%
PaysÉtats Fédérés de Micronésie
17%
PaysÉthiopie
17%
PaysFidji
17%
PaysFinlande
17%
PaysGambie
17%
PaysGéorgie
17%
PaysGhana
17%
PaysGrèce
17%
PaysGrenade
17%
PaysGuatemala
17%
PaysGuinée
17%
PaysGuinée-Bissau
17%
PaysGuinée Équatoriale
17%
PaysGuyana
17%
PaysHaïti
17%
PaysHonduras
17%
PaysHongrie
17%
PaysÎles Marshall
17%
PaysÎles Salomon
17%
PaysIndonésie
17%
PaysIrak
17%
PaysIran
17%
PaysIslande
17%
PaysIsraël
17%
PaysJamaïque
17%
PaysJordanie
17%
PaysKazakhstan
17%
PaysKenya
17%
PaysKirghizistan
17%
PaysKiribati
17%
PaysKosovo
17%
PaysKoweït
17%
PaysLaos
17%
PaysLesotho
17%
PaysLettonie
17%
PaysLiban
17%
PaysLibye
17%
PaysLiechtenstein
17%
PaysLituanie
17%
PaysLuxembourg
17%
PaysMacédoine du Nord
17%
PaysMadagascar
17%
PaysMalaisie
17%
PaysMalawi
17%
PaysMaldives
17%
PaysMali
17%
PaysMalte
17%
PaysMaurice
17%
PaysMauritanie
17%
PaysMoldavie
17%
PaysMonaco
17%
PaysMongolie
17%
PaysMonténégro
17%
PaysMozambique
17%
PaysNamibie
17%
PaysNauru
17%
PaysNépal
17%
PaysNicaragua
17%
PaysNiger
17%
PaysNigeria
17%
PaysNorvège
17%
PaysNouvelle-Zélande
17%
PaysOman
17%
PaysOuganda
17%
PaysOuzbékistan
17%
PaysPakistan
17%
PaysPalaos
17%
PaysPanama
17%
PaysPapouasie-Nouvelle-
Guinée
17%
PaysParaguay
17%
PaysPays Mystérieux (Sénégal)
17%
PaysPérou
17%
PaysPhilippines
17%
PaysQatar
17%
PaysRépublique Démocratique
du Congo
17%
PaysRépublique Dominicaine
17%
PaysRépublique du Congo
17%
PaysRépublique Tchèque
17%
PaysRoumanie
17%
PaysRoyaume-Uni
17%
PaysRwanda
17%
PaysSaint-Christophe-
et-Niévès
17%
PaysSainte-Lucie
17%
PaysSaint-Marin
17%
PaysSaint-Vincent-et-les-
Grenadines
17%
PaysSalvador
17%
PaysSamoa
17%
PaysSénégal
17%
PaysSerbie
17%
PaysSierra Leone
17%
PaysSingapour
17%
PaysSlovaquie
17%
PaysSlovénie
17%
PaysSomalie
17%
PaysSoudan
17%
PaysSoudan du Sud
17%
PaysSri Lanka
17%
PaysSuède
17%
PaysSuriname
17%
PaysSyrie
17%
PaysTadjikistan
17%
PaysTaïwan
17%
PaysTanzanie
17%
PaysTchad
17%
PaysThaïlande
17%
PaysTimor Oriental
17%
PaysTogo
17%
PaysTonga
17%
PaysTrinité-et-Tobago
17%
PaysTunisie
17%
PaysTurkménistan
17%
PaysTurquie
17%
PaysTuvalu
17%
PaysUruguay
17%
PaysVanuatu
17%
PaysVatican
17%
PaysVenezuela
17%
PaysViêt Nam
17%
PaysYémen
17%
PaysZambie
17%
PaysAfghanistan
16%
PaysAlbanie
16%
Pays | Pays Andorre
16%
PaysAngola
16%
PaysAntigua-et-Barbuda
16%
PaysArabie Saoudite
16%
PaysArgentine
16%
PaysArménie
16%
PaysAzerbaïdjan
16%
PaysBahamas
16%
PaysBahreïn
16%
PaysBangladesh
16%
PaysBarbade
16%
PaysBelgique
16%
PaysBelize
16%
PaysBénin
16%
PaysBhoutan
16%
PaysBiélorussie
16%
PaysBirmanie
16%
PaysBosnie-Herzégovine
16%
PaysBotswana
16%
PaysBrunei
16%
PaysBulgarie
16%
PaysBurkina Faso
16%
PaysBurundi
16%
PaysCambodge
16%
PaysCameroun
16%
PaysCap-Vert
16%
PaysChili
16%
PaysChypre
16%
PaysColombie
16%
PaysComores
16%
PaysCorée du Nord
16%
PaysCorée du Sud
16%
PaysCosta Rica
16%
PaysCôte d'Ivoire
16%
PaysCroatie
16%
PaysCuba
16%
PaysDanemark
16%
PaysDjibouti
16%
PaysDominique
16%
PaysÉgypte
16%
PaysÉmirats Arabes Unis
16%
PaysÉquateur
16%
PaysÉrythrée
16%
PaysEswatini
16%
PaysÉtats Fédérés de Micronésie
16%
PaysÉthiopie
16%
PaysFidji
16%
PaysFinlande
16%
PaysGabon
16%
PaysGambie
16%
PaysGéorgie
16%
PaysGhana
16%
PaysGrenade
16%
PaysGuatemala
16%
PaysGuinée
16%
PaysGuinée-Bissau
16%
PaysGuinée Équatoriale
16%
PaysGuyana
16%
PaysHaïti
16%
PaysHonduras
16%
PaysHongrie
16%
PaysÎles Marshall
16%
PaysÎles Salomon
16%
PaysIndonésie
16%
PaysIrak
16%
PaysIran
16%
PaysIrlande
16%
PaysIslande
16%
PaysIsraël
16%
PaysJamaïque
16%
PaysJordanie
16%
PaysKazakhstan
16%
PaysKenya
16%
PaysKirghizistan
16%
PaysKiribati
16%
PaysKosovo
16%
PaysKoweït
16%
PaysLaos
16%
PaysLesotho
16%
PaysLettonie
16%
PaysLiban
16%
PaysLiberia
16%
PaysLibye
16%
PaysLiechtenstein
16%
PaysLituanie
16%
PaysLuxembourg
16%
PaysMacédoine du Nord
16%
PaysMadagascar
16%
PaysMalaisie
16%
PaysMalawi
16%
PaysMaldives
16%
PaysMali
16%
PaysMalte
16%
PaysMaurice
16%
PaysMauritanie
16%
PaysMoldavie
16%
PaysMonaco
16%
PaysMongolie
16%
PaysMonténégro
16%
PaysMozambique
16%
PaysNamibie
16%
PaysNauru
16%
PaysNépal
16%
PaysNicaragua
16%
PaysNiger
16%
PaysNigeria
16%
PaysNouvelle-Zélande
16%
PaysOman
16%
PaysOuganda
16%
PaysOuzbékistan
16%
PaysPalaos
16%
PaysPanama
16%
PaysPapouasie-Nouvelle-
Guinée
16%
PaysParaguay
16%
PaysPays-Bas
16%
PaysPays Mystérieux (Serbie)
16%
PaysPérou
16%
PaysPhilippines
16%
PaysQatar
16%
PaysRépublique Centrafricaine
16%
PaysRépublique Dominicaine
16%
PaysRépublique du Congo
16%
PaysRépublique Tchèque
16%
PaysRoumanie
16%
PaysRoyaume-Uni
16%
PaysRwanda
16%
PaysSaint-Christophe-
et-Niévès
16%
PaysSainte-Lucie
16%
PaysSaint-Marin
16%
PaysSaint-Vincent-et-les-
Grenadines
16%
PaysSalvador
16%
PaysSamoa
16%
PaysSao Tomé-et-Principe
16%
PaysSénégal
16%
PaysSerbie
16%
PaysSeychelles
16%
PaysSierra Leone
16%
PaysSingapour
16%
PaysSlovaquie
16%
PaysSlovénie
16%
PaysSomalie
16%
PaysSoudan
16%
PaysSoudan du Sud
16%
PaysSri Lanka
16%
PaysSuisse
16%
PaysSuriname
16%
PaysSyrie
16%
PaysTadjikistan
16%
PaysTaïwan
16%
PaysTanzanie
16%
PaysTchad
16%
PaysThaïlande
16%
PaysTimor Oriental
16%
PaysTogo
16%
PaysTonga
16%
PaysTrinité-et-Tobago
16%
PaysTunisie
16%
PaysTurkménistan
16%
PaysTurquie
16%
PaysTuvalu
16%
PaysUkraine
16%
PaysUruguay
16%
PaysVanuatu
16%
PaysVatican
16%
PaysVenezuela
16%
PaysViêt Nam
16%
PaysYémen
16%
PaysZambie
16%
PaysZimbabwe
16%
PaysAfghanistan
15%
PaysAfrique du Sud
15%
PaysAlbanie
15%
Pays | Pays Andorre
15%
PaysAngola
15%
PaysAntigua-et-Barbuda
15%
PaysArabie Saoudite
15%
PaysArgentine
15%
PaysArménie
15%
PaysAutriche
15%
PaysAzerbaïdjan
15%
PaysBahamas
15%
PaysBahreïn
15%
PaysBangladesh
15%
PaysBarbade
15%
PaysBelgique
15%
PaysBelize
15%
PaysBénin
15%
PaysBiélorussie
15%
PaysBolivie
15%
PaysBosnie-Herzégovine
15%
PaysBotswana
15%
PaysBrunei
15%
PaysBulgarie
15%
PaysBurkina Faso
15%
PaysBurundi
15%
PaysCambodge
15%
PaysCameroun
15%
PaysCap-Vert
15%
PaysChili
15%
PaysChypre
15%
PaysColombie
15%
PaysComores
15%
PaysCorée du Nord
15%
PaysCorée du Sud
15%
PaysCosta Rica
15%
PaysCôte d'Ivoire
15%
PaysCroatie
15%
PaysCuba
15%
PaysDanemark
15%
PaysDjibouti
15%
PaysDominique
15%
PaysÉmirats Arabes Unis
15%
PaysÉquateur
15%
PaysÉrythrée
15%
PaysEstonie
15%
PaysEswatini
15%
PaysÉtats Fédérés de Micronésie
15%
PaysÉthiopie
15%
PaysFidji
15%
PaysFinlande
15%
PaysGabon
15%
PaysGambie
15%
PaysGéorgie
15%
PaysGhana
15%
PaysGrèce
15%
PaysGrenade
15%
PaysGuatemala
15%
PaysGuinée
15%
PaysGuinée-Bissau
15%
PaysGuinée Équatoriale
15%
PaysGuyana
15%
PaysHongrie
15%
PaysÎles Marshall
15%
PaysÎles Salomon
15%
PaysInde
15%
PaysIrak
15%
PaysIran
15%
PaysIrlande
15%
PaysIslande
15%
PaysIsraël
15%
PaysJamaïque
15%
PaysJapon
15%
PaysJordanie
15%
PaysKazakhstan
15%
PaysKenya
15%
PaysKirghizistan
15%
PaysKiribati
15%
PaysKosovo
15%
PaysKoweït
15%
PaysLaos
15%
PaysLesotho
15%
PaysLiban
15%
PaysLiberia
15%
PaysLibye
15%
PaysLiechtenstein
15%
PaysLituanie
15%
PaysLuxembourg
15%
PaysMacédoine du Nord
15%
PaysMalaisie
15%
PaysMalawi
15%
PaysMaldives
15%
PaysMalte
15%
PaysMaurice
15%
PaysMauritanie
15%
PaysMoldavie
15%
PaysMonaco
15%
PaysMongolie
15%
PaysMonténégro
15%
PaysMozambique
15%
PaysNauru
15%
PaysNicaragua
15%
PaysNiger
15%
PaysNigeria
15%
PaysNorvège
15%
PaysNouvelle-Zélande
15%
PaysOman
15%
PaysOuganda
15%
PaysPakistan
15%
PaysPalaos
15%
PaysPanama
15%
PaysPapouasie-Nouvelle-
Guinée
15%
PaysParaguay
15%
PaysPays-Bas
15%
PaysPays Mystérieux (Antigua-et-Barbuda)
15%
PaysPays Mystérieux (Îles Salomon)
15%
PaysPays Mystérieux (Israël)
15%
PaysPays Mystérieux (Malawi)
15%
PaysPays Mystérieux (Thaïlande)
15%
PaysPays Mystérieux (Turquie)
15%
PaysPérou
15%
PaysPhilippines
15%
PaysRépublique Centrafricaine
15%
PaysRépublique Démocratique
du Congo
15%
PaysRépublique Dominicaine
15%
PaysRépublique Tchèque
15%
PaysRoumanie
15%
PaysRwanda
15%
PaysSaint-Christophe-
et-Niévès
15%
PaysSainte-Lucie
15%
PaysSaint-Marin
15%
PaysSaint-Vincent-et-les-
Grenadines
15%
PaysSalvador
15%
PaysSamoa
15%
PaysSao Tomé-et-Principe
15%
PaysSénégal
15%
PaysSerbie
15%
PaysSeychelles
15%
PaysSierra Leone
15%
PaysSingapour
15%
PaysSlovaquie
15%
PaysSlovénie
15%
PaysSomalie
15%
PaysSoudan du Sud
15%
PaysSri Lanka
15%
PaysSuède
15%
PaysSuisse
15%
PaysSuriname
15%
PaysSyrie
15%
PaysTadjikistan
15%
PaysTaïwan
15%
PaysTanzanie
15%
PaysTchad
15%
PaysTimor Oriental
15%
PaysTogo
15%
PaysTonga
15%
PaysTrinité-et-Tobago
15%
PaysTunisie
15%
PaysTurkménistan
15%
PaysTurquie
15%
PaysTuvalu
15%
PaysUkraine
15%
PaysUruguay
15%
PaysVanuatu
15%
PaysVatican
15%
PaysVenezuela
15%
PaysViêt Nam
15%
PaysYémen
15%
PaysZambie
15%
PaysZimbabwe
15%
PaysAfrique du Sud
14%
PaysAngola
14%
PaysAntigua-et-Barbuda
14%
PaysArabie Saoudite
14%
PaysAutriche
14%
PaysAzerbaïdjan
14%
PaysBahamas
14%
PaysBahreïn
14%
PaysBangladesh
14%
PaysBelize
14%
PaysBénin
14%
PaysBhoutan
14%
PaysBiélorussie
14%
PaysBirmanie
14%
PaysBolivie
14%
PaysBosnie-Herzégovine
14%
PaysBotswana
14%
PaysBrunei
14%
PaysBulgarie
14%
PaysBurkina Faso
14%
PaysCambodge
14%
PaysCameroun
14%
PaysCap-Vert
14%
PaysChili
14%
PaysChypre
14%
PaysComores
14%
PaysCorée du Nord
14%
PaysCorée du Sud
14%
PaysCosta Rica
14%
PaysCôte d'Ivoire
14%
PaysCroatie
14%
PaysCuba
14%
PaysDjibouti
14%
PaysDominique
14%
PaysÉgypte
14%
PaysÉmirats Arabes Unis
14%
PaysÉquateur
14%
PaysÉrythrée
14%
PaysEswatini
14%
PaysÉtats Fédérés de Micronésie
14%
PaysÉthiopie
14%
PaysFidji
14%
PaysFinlande
14%
PaysGabon
14%
PaysGambie
14%
PaysGéorgie
14%
PaysGhana
14%
PaysGrenade
14%
PaysGuatemala
14%
PaysGuinée
14%
PaysGuinée-Bissau
14%
PaysGuinée Équatoriale
14%
PaysGuyana
14%
PaysHaïti
14%
PaysHonduras
14%
PaysHongrie
14%
PaysÎles Marshall
14%
PaysÎles Salomon
14%
PaysIndonésie
14%
PaysIrak
14%
PaysIran
14%
PaysIrlande
14%
PaysIslande
14%
PaysIsraël
14%
PaysJamaïque
14%
PaysJordanie
14%
PaysKenya
14%
PaysKirghizistan
14%
PaysKiribati
14%
PaysKosovo
14%
PaysKoweït
14%
PaysLaos
14%
PaysLettonie
14%
PaysLiberia
14%
PaysLibye
14%
PaysLiechtenstein
14%
PaysLuxembourg
14%
PaysMacédoine du Nord
14%
PaysMadagascar
14%
PaysMalaisie
14%
PaysMalawi
14%
PaysMaldives
14%
PaysMali
14%
PaysMalte
14%
PaysMaurice
14%
PaysMauritanie
14%
PaysMoldavie
14%
PaysMonaco
14%
PaysMonténégro
14%
PaysNamibie
14%
PaysNauru
14%
PaysNépal
14%
PaysNicaragua
14%
PaysNigeria
14%
PaysNorvège
14%
PaysNouvelle-Zélande
14%
PaysOman
14%
PaysOuganda
14%
PaysOuzbékistan
14%
PaysPalaos
14%
PaysPanama
14%
PaysPapouasie-Nouvelle-
Guinée
14%
PaysParaguay
14%
PaysPays Mystérieux (Biélorussie)
14%
PaysPérou
14%
PaysPhilippines
14%
PaysQatar
14%
PaysRépublique Centrafricaine
14%
PaysRépublique Démocratique
du Congo
14%
PaysRépublique Dominicaine
14%
PaysRépublique du Congo
14%
PaysRépublique Tchèque
14%
PaysRwanda
14%
PaysSaint-Christophe-
et-Niévès
14%
PaysSainte-Lucie
14%
PaysSaint-Marin
14%
PaysSaint-Vincent-et-les-
Grenadines
14%
PaysSalvador
14%
PaysSamoa
14%
PaysSao Tomé-et-Principe
14%
PaysSerbie
14%
PaysSeychelles
14%
PaysSierra Leone
14%
PaysSingapour
14%
PaysSlovaquie
14%
PaysSlovénie
14%
PaysSomalie
14%
PaysSoudan du Sud
14%
PaysSri Lanka
14%
PaysSuède
14%
PaysSuriname
14%
PaysSyrie
14%
PaysTadjikistan
14%
PaysTaïwan
14%
PaysTanzanie
14%
PaysTchad
14%
PaysThaïlande
14%
PaysTimor Oriental
14%
PaysTogo
14%
PaysTonga
14%
PaysTrinité-et-Tobago
14%
PaysTunisie
14%
PaysTurkménistan
14%
PaysTurquie
14%
PaysTuvalu
14%
PaysUkraine
14%
PaysUruguay
14%
PaysVanuatu
14%
PaysVatican
14%
PaysVenezuela
14%
PaysViêt Nam
14%
PaysYémen
14%
PaysZambie
14%
PaysZimbabwe
14%
PaysAfghanistan
13%
Pays | Pays | Pays | Pays Andorre
13%
PaysAntigua-et-Barbuda
13%
PaysArabie Saoudite
13%
PaysAutriche
13%
PaysBahamas
13%
PaysBahreïn
13%
PaysBangladesh
13%
PaysBarbade
13%
PaysBelize
13%
PaysBénin
13%
PaysBhoutan
13%
PaysBiélorussie
13%
PaysBirmanie
13%
PaysBolivie
13%
PaysBosnie-Herzégovine
13%
PaysBotswana
13%
PaysBrunei
13%
PaysBulgarie
13%
PaysBurkina Faso
13%
PaysBurundi
13%
PaysCameroun
13%
PaysCap-Vert
13%
PaysChili
13%
PaysChypre
13%
PaysColombie
13%
PaysCosta Rica
13%
PaysCôte d'Ivoire
13%
PaysCroatie
13%
PaysCuba
13%
PaysDjibouti
13%
PaysDominique
13%
PaysÉquateur
13%
PaysÉrythrée
13%
PaysEswatini
13%
PaysÉtats Fédérés de Micronésie
13%
PaysÉthiopie
13%
PaysFidji
13%
PaysFinlande
13%
PaysGabon
13%
PaysGambie
13%
PaysGéorgie
13%
PaysGhana
13%
PaysGrèce
13%
PaysGrenade
13%
PaysGuatemala
13%
PaysGuinée-Bissau
13%
PaysGuinée Équatoriale
13%
PaysGuyana
13%
PaysHongrie
13%
PaysÎles Marshall
13%
PaysÎles Salomon
13%
PaysIndonésie
13%
PaysIrak
13%
PaysIran
13%
PaysIslande
13%
PaysIsraël
13%
PaysJordanie
13%
PaysKirghizistan
13%
PaysKiribati
13%
PaysLaos
13%
PaysLesotho
13%
PaysLiban
13%
PaysLiberia
13%
PaysLibye
13%
PaysLiechtenstein
13%
PaysLituanie
13%
PaysLuxembourg
13%
PaysMacédoine du Nord
13%
PaysMadagascar
13%
PaysMalaisie
13%
PaysMalawi
13%
PaysMaldives
13%
PaysMali
13%
PaysMalte
13%
PaysMaurice
13%
PaysMauritanie
13%
PaysMonaco
13%
PaysMongolie
13%
PaysMonténégro
13%
PaysMozambique
13%
PaysNamibie
13%
PaysNauru
13%
PaysNépal
13%
PaysNiger
13%
PaysNigeria
13%
PaysNorvège
13%
PaysOman
13%
PaysOuganda
13%
PaysPakistan
13%
PaysPanama
13%
PaysParaguay
13%
PaysPays-Bas
13%
PaysPays Mystérieux (Kenya)
13%
PaysPays Mystérieux (Singapour)
13%
PaysPays Mystérieux (Tchad)
13%
PaysPérou
13%
PaysPhilippines
13%
PaysQatar
13%
PaysRépublique Centrafricaine
13%
PaysRépublique Dominicaine
13%
PaysRépublique du Congo
13%
PaysRépublique Tchèque
13%
PaysRwanda
13%
PaysSaint-Christophe-
et-Niévès
13%
PaysSainte-Lucie
13%
PaysSaint-Marin
13%
PaysSaint-Vincent-et-les-
Grenadines
13%
PaysSalvador
13%
PaysSamoa
13%
PaysSao Tomé-et-Principe
13%
PaysSénégal
13%
PaysSeychelles
13%
PaysSierra Leone
13%
PaysSingapour
13%
PaysSlovaquie
13%
PaysSomalie
13%
PaysSoudan du Sud
13%
PaysSri Lanka
13%
PaysSuède
13%
PaysTadjikistan
13%
PaysTaïwan
13%
PaysTanzanie
13%
PaysTchad
13%
PaysTimor Oriental
13%
PaysTogo
13%
PaysTonga
13%
PaysTrinité-et-Tobago
13%
PaysTunisie
13%
PaysTuvalu
13%
PaysUkraine
13%
PaysUruguay
13%
PaysVanuatu
13%
PaysVatican
13%
PaysVenezuela
13%
PaysYémen
13%
PaysZambie
13%
PaysZimbabwe
13%
PaysAfghanistan
12%
PaysAlbanie
12%
PaysAntigua-et-Barbuda
12%
PaysArabie Saoudite
12%
PaysArménie
12%
PaysAutriche
12%
PaysAzerbaïdjan
12%
PaysBahamas
12%
PaysBahreïn
12%
PaysBangladesh
12%
PaysBarbade
12%
PaysBelize
12%
PaysBénin
12%
PaysBhoutan
12%
PaysBiélorussie
12%
PaysBirmanie
12%
PaysBolivie
12%
PaysBosnie-Herzégovine
12%
PaysBotswana
12%
PaysBrunei
12%
PaysBurkina Faso
12%
PaysBurundi
12%
PaysCambodge
12%
PaysCameroun
12%
PaysCap-Vert
12%
PaysChili
12%
PaysChypre
12%
PaysColombie
12%
PaysComores
12%
PaysCorée du Sud
12%
PaysCôte d'Ivoire
12%
PaysCroatie
12%
PaysCuba
12%
PaysDjibouti
12%
PaysDominique
12%
PaysÉgypte
12%
PaysÉmirats Arabes Unis
12%
PaysÉquateur
12%
PaysEstonie
12%
PaysÉtats Fédérés de Micronésie
12%
PaysÉthiopie
12%
PaysFidji
12%
PaysFinlande
12%
PaysGabon
12%
PaysGhana
12%
PaysGrèce
12%
PaysGrenade
12%
PaysGuinée
12%
PaysGuinée-Bissau
12%
PaysGuinée Équatoriale
12%
PaysHaïti
12%
PaysHonduras
12%
PaysHongrie
12%
PaysÎles Marshall
12%
PaysÎles Salomon
12%
PaysIndonésie
12%
PaysIrak
12%
PaysIran
12%
PaysIrlande
12%
PaysIslande
12%
PaysIsraël
12%
PaysJamaïque
12%
PaysJordanie
12%
PaysKazakhstan
12%
PaysKenya
12%
PaysKirghizistan
12%
PaysKosovo
12%
PaysKoweït
12%
PaysLaos
12%
PaysLesotho
12%
PaysLettonie
12%
PaysLiban
12%
PaysLibye
12%
PaysLiechtenstein
12%
PaysLituanie
12%
PaysLuxembourg
12%
PaysMacédoine du Nord
12%
PaysMadagascar
12%
PaysMalaisie
12%
PaysMalawi
12%
PaysMaldives
12%
PaysMali
12%
PaysMaurice
12%
PaysMauritanie
12%
PaysMonaco
12%
PaysMongolie
12%
PaysMonténégro
12%
PaysNamibie
12%
PaysNicaragua
12%
PaysNiger
12%
PaysNigeria
12%
PaysNorvège
12%
PaysNouvelle-Zélande
12%
PaysOman
12%
PaysOuzbékistan
12%
PaysPakistan
12%
PaysPalaos
12%
PaysPanama
12%
PaysPapouasie-Nouvelle-
Guinée
12%
PaysParaguay
12%
PaysPays-Bas
12%
PaysPérou
12%
PaysQatar
12%
PaysRépublique Centrafricaine
12%
PaysRépublique Dominicaine
12%
PaysRoumanie
12%
PaysRoyaume-Uni
12%
PaysSainte-Lucie
12%
PaysSalvador
12%
PaysSamoa
12%
PaysSao Tomé-et-Principe
12%
PaysSénégal
12%
PaysSeychelles
12%
PaysSingapour
12%
PaysSomalie
12%
PaysSoudan
12%
PaysSri Lanka
12%
PaysSyrie
12%
PaysTadjikistan
12%
PaysTaïwan
12%
PaysTanzanie
12%
PaysTchad
12%
PaysThaïlande
12%
PaysTimor Oriental
12%
PaysTogo
12%
PaysTonga
12%
PaysTrinité-et-Tobago
12%
PaysTurkménistan
12%
PaysTurquie
12%
PaysTuvalu
12%
PaysUkraine
12%
PaysUruguay
12%
PaysVanuatu
12%
PaysVenezuela
12%
PaysViêt Nam
12%
PaysYémen
12%
PaysZambie
12%
PaysZimbabwe
12%
PaysAfghanistan
11%
PaysAlbanie
11%
Pays | Pays Andorre
11%
PaysAngola
11%
PaysArabie Saoudite
11%
PaysArménie
11%
PaysAutriche
11%
PaysAzerbaïdjan
11%
PaysBahamas
11%
PaysBangladesh
11%
PaysBarbade
11%
PaysBelgique
11%
PaysBelize
11%
PaysBénin
11%
PaysBhoutan
11%
PaysBirmanie
11%
PaysBulgarie
11%
PaysBurundi
11%
PaysCambodge
11%
PaysCameroun
11%
PaysCap-Vert
11%
PaysChili
11%
PaysChypre
11%
PaysColombie
11%
PaysComores
11%
PaysCorée du Nord
11%
PaysCosta Rica
11%
PaysCôte d'Ivoire
11%
PaysCroatie
11%
PaysCuba
11%
PaysDanemark
11%
PaysDjibouti
11%
PaysDominique
11%
PaysÉmirats Arabes Unis
11%
PaysÉquateur
11%
PaysÉrythrée
11%
PaysEswatini
11%
PaysÉthiopie
11%
PaysFidji
11%
PaysGabon
11%
PaysGambie
11%
PaysGéorgie
11%
PaysGhana
11%
PaysGrèce
11%
PaysGrenade
11%
PaysGuatemala
11%
PaysGuinée
11%
PaysGuyana
11%
PaysHaïti
11%
PaysHonduras
11%
PaysHongrie
11%
PaysÎles Salomon
11%
PaysIndonésie
11%
PaysIrak
11%
PaysIslande
11%
PaysIsraël
11%
PaysJamaïque
11%
PaysJordanie
11%
PaysKazakhstan
11%
PaysKenya
11%
PaysKiribati
11%
PaysKoweït
11%
PaysLaos
11%
PaysLesotho
11%
PaysLettonie
11%
PaysLiban
11%
PaysLibye
11%
PaysLiechtenstein
11%
PaysLituanie
11%
PaysLuxembourg
11%
PaysMacédoine du Nord
11%
PaysMadagascar
11%
PaysMalaisie
11%
PaysMalawi
11%
PaysMaldives
11%
PaysMalte
11%
PaysMaurice
11%
PaysMauritanie
11%
PaysMoldavie
11%
PaysMonaco
11%
PaysMonténégro
11%
PaysMozambique
11%
PaysNamibie
11%
PaysNauru
11%
PaysNépal
11%
PaysNicaragua
11%
PaysNiger
11%
PaysNigeria
11%
PaysNouvelle-Zélande
11%
PaysOman
11%
PaysOuganda
11%
PaysOuzbékistan
11%
PaysPalaos
11%
PaysPanama
11%
PaysPapouasie-Nouvelle-
Guinée
11%
PaysParaguay
11%
PaysPays-Bas
11%
PaysPays Mystérieux (Soudan du Sud)
11%
PaysPérou
11%
PaysPhilippines
11%
PaysQatar
11%
PaysRépublique Centrafricaine
11%
PaysRépublique Dominicaine
11%
PaysRépublique Tchèque
11%
PaysRoumanie
11%
PaysRwanda
11%
PaysSaint-Christophe-
et-Niévès
11%
PaysSaint-Marin
11%
PaysSaint-Vincent-et-les-
Grenadines
11%
PaysSalvador
11%
PaysSamoa
11%
PaysSao Tomé-et-Principe
11%
PaysSénégal
11%
PaysSerbie
11%
PaysSlovaquie
11%
PaysSlovénie
11%
PaysSomalie
11%
PaysSoudan
11%
PaysSoudan du Sud
11%
PaysSri Lanka
11%
PaysSuisse
11%
PaysSuriname
11%
PaysSyrie
11%
PaysTaïwan
11%
PaysTanzanie
11%
PaysTchad
11%
PaysThaïlande
11%
PaysTimor Oriental
11%
PaysTogo
11%
PaysTrinité-et-Tobago
11%
PaysUruguay
11%
PaysVatican
11%
PaysVenezuela
11%
PaysViêt Nam
11%
PaysYémen
11%
PaysZambie
11%
PaysZimbabwe
11%
PaysAfghanistan
10%
PaysAlbanie
10%
Pays | Pays Andorre
10%
PaysAngola
10%
PaysAntigua-et-Barbuda
10%
PaysAutriche
10%
PaysAzerbaïdjan
10%
PaysBahamas
10%
PaysBahreïn
10%
PaysBangladesh
10%
PaysBarbade
10%
PaysBelize
10%
PaysBénin
10%
PaysBhoutan
10%
PaysBiélorussie
10%
PaysBirmanie
10%
PaysBolivie
10%
PaysBosnie-Herzégovine
10%
PaysBotswana
10%
PaysBrunei
10%
PaysBulgarie
10%
PaysBurkina Faso
10%
PaysBurundi
10%
PaysCambodge
10%
PaysCameroun
10%
PaysCap-Vert
10%
PaysChypre
10%
PaysComores
10%
PaysCorée du Sud
10%
PaysCosta Rica
10%
PaysCôte d'Ivoire
10%
PaysCroatie
10%
PaysCuba
10%
PaysDjibouti
10%
PaysDominique
10%
PaysÉmirats Arabes Unis
10%
PaysÉquateur
10%
PaysÉrythrée
10%
PaysEstonie
10%
PaysEswatini
10%
PaysÉtats Fédérés de Micronésie
10%
PaysÉthiopie
10%
PaysFidji
10%
PaysGabon
10%
PaysGambie
10%
PaysGéorgie
10%
PaysGhana
10%
PaysGrèce
10%
PaysGrenade
10%
PaysGuatemala
10%
PaysGuinée
10%
PaysGuinée-Bissau
10%
PaysGuinée Équatoriale
10%
PaysGuyana
10%
PaysHaïti
10%
PaysHonduras
10%
PaysHongrie
10%
PaysÎles Marshall
10%
PaysÎles Salomon
10%
PaysIndonésie
10%
PaysIrak
10%
PaysIsraël
10%
PaysJamaïque
10%
PaysJordanie
10%
PaysKenya
10%
PaysKirghizistan
10%
PaysKiribati
10%
PaysKosovo
10%
PaysKoweït
10%
PaysLaos
10%
PaysLesotho
10%
PaysLettonie
10%
PaysLiberia
10%
PaysLibye
10%
PaysLiechtenstein
10%
PaysLituanie
10%
PaysLuxembourg
10%
PaysMacédoine du Nord
10%
PaysMadagascar
10%
PaysMalawi
10%
PaysMaldives
10%
PaysMalte
10%
PaysMaurice
10%
PaysMauritanie
10%
PaysMoldavie
10%
PaysMonténégro
10%
PaysMozambique
10%
PaysNamibie
10%
PaysNauru
10%
PaysNépal
10%
PaysNicaragua
10%
PaysNiger
10%
PaysNigeria
10%
PaysNouvelle-Zélande
10%
PaysOman
10%
PaysOuganda
10%
PaysOuzbékistan
10%
PaysPakistan
10%
PaysPalaos
10%
PaysPanama
10%
PaysPapouasie-Nouvelle-
Guinée
10%
PaysParaguay
10%
PaysPays-Bas
10%
PaysPays Mystérieux (Bahreïn)
10%
PaysPays Mystérieux (Liberia)
10%
PaysPays Mystérieux (Malte)
10%
PaysPays Mystérieux (Moldavie)
10%
PaysPérou
10%
PaysQatar
10%
PaysRépublique Centrafricaine
10%
PaysRépublique Dominicaine
10%
PaysRépublique Tchèque
10%
PaysRwanda
10%
PaysSaint-Christophe-
et-Niévès
10%
PaysSainte-Lucie
10%
PaysSaint-Marin
10%
PaysSaint-Vincent-et-les-
Grenadines
10%
PaysSalvador
10%
PaysSamoa
10%
PaysSao Tomé-et-Principe
10%
PaysSénégal
10%
PaysSerbie
10%
PaysSeychelles
10%
PaysSierra Leone
10%
PaysSingapour
10%
PaysSlovaquie
10%
PaysSlovénie
10%
PaysSomalie
10%
PaysSoudan
10%
PaysSoudan du Sud
10%
PaysSri Lanka
10%
PaysSuriname
10%
PaysTadjikistan
10%
PaysTaïwan
10%
PaysTanzanie
10%
PaysTchad
10%
PaysTimor Oriental
10%
PaysTogo
10%
PaysTonga
10%
PaysTrinité-et-Tobago
10%
PaysTurkménistan
10%
PaysTuvalu
10%
PaysVanuatu
10%
PaysVatican
10%
PaysVenezuela
10%
PaysViêt Nam
10%
PaysYémen
10%
PaysZambie
10%
PaysZimbabwe
10%
PaysAfghanistan
9%
Pays | Pays | Pays Andorre
9%
PaysAngola
9%
PaysAntigua-et-Barbuda
9%
PaysArabie Saoudite
9%
PaysArménie
9%
PaysAzerbaïdjan
9%
PaysBahamas
9%
PaysBahreïn
9%
PaysBarbade
9%
PaysBelize
9%
PaysBénin
9%
PaysBiélorussie
9%
PaysBolivie
9%
PaysBosnie-Herzégovine
9%
PaysBotswana
9%
PaysBulgarie
9%
PaysBurkina Faso
9%
PaysBurundi
9%
PaysCambodge
9%
PaysCameroun
9%
PaysCap-Vert
9%
PaysChypre
9%
PaysComores
9%
PaysCorée du Nord
9%
PaysCorée du Sud
9%
PaysCosta Rica
9%
PaysCôte d'Ivoire
9%
PaysCroatie
9%
PaysCuba
9%
PaysDjibouti
9%
PaysDominique
9%
PaysÉmirats Arabes Unis
9%
PaysÉquateur
9%
PaysÉrythrée
9%
PaysEstonie
9%
PaysEswatini
9%
PaysÉtats Fédérés de Micronésie
9%
PaysÉthiopie
9%
PaysFidji
9%
PaysGabon
9%
PaysGambie
9%
PaysGéorgie
9%
PaysGhana
9%
PaysGrenade
9%
PaysGuatemala
9%
PaysGuinée
9%
PaysGuinée-Bissau
9%
PaysGuinée Équatoriale
9%
PaysGuyana
9%
PaysHaïti
9%
PaysHonduras
9%
PaysHongrie
9%
PaysÎles Marshall
9%
PaysÎles Salomon
9%
PaysIrak
9%
PaysIran
9%
PaysIsraël
9%
PaysJamaïque
9%
PaysJordanie
9%
PaysKazakhstan
9%
PaysKenya
9%
PaysKirghizistan
9%
PaysKiribati
9%
PaysKosovo
9%
PaysKoweït
9%
PaysLaos
9%
PaysLesotho
9%
PaysLiban
9%
PaysLiberia
9%
PaysLiechtenstein
9%
PaysLuxembourg
9%
PaysMacédoine du Nord
9%
PaysMadagascar
9%
PaysMalaisie
9%
PaysMaldives
9%
PaysMali
9%
PaysMalte
9%
PaysMaurice
9%
PaysMauritanie
9%
PaysMoldavie
9%
PaysMonténégro
9%
PaysMozambique
9%
PaysNamibie
9%
PaysNauru
9%
PaysNépal
9%
PaysNicaragua
9%
PaysNiger
9%
PaysNigeria
9%
PaysNouvelle-Zélande
9%
PaysOuganda
9%
PaysOuzbékistan
9%
PaysPalaos
9%
PaysPanama
9%
PaysPapouasie-Nouvelle-
Guinée
9%
PaysParaguay
9%
PaysPays Mystérieux (Timor Oriental)
9%
PaysPhilippines
9%
PaysQatar
9%
PaysRépublique Centrafricaine
9%
PaysRépublique Dominicaine
9%
PaysRépublique Tchèque
9%
PaysRoumanie
9%
PaysRwanda
9%
PaysSaint-Christophe-
et-Niévès
9%
PaysSainte-Lucie
9%
PaysSaint-Marin
9%
PaysSaint-Vincent-et-les-
Grenadines
9%
PaysSalvador
9%
PaysSamoa
9%
PaysSao Tomé-et-Principe
9%
PaysSerbie
9%
PaysSeychelles
9%
PaysSierra Leone
9%
PaysSingapour
9%
PaysSlovaquie
9%
PaysSlovénie
9%
PaysSomalie
9%
PaysSoudan du Sud
9%
PaysSri Lanka
9%
PaysSuède
9%
PaysSuriname
9%
PaysSyrie
9%
PaysTadjikistan
9%
PaysTaïwan
9%
PaysTanzanie
9%
PaysThaïlande
9%
PaysTimor Oriental
9%
PaysTogo
9%
PaysTrinité-et-Tobago
9%
PaysTurkménistan
9%
PaysTuvalu
9%
PaysUruguay
9%
PaysVanuatu
9%
PaysVatican
9%
PaysViêt Nam
9%
PaysYémen
9%
PaysZambie
9%
PaysZimbabwe
9%
PaysAfghanistan
8%
Pays Andorre
8%
PaysAntigua-et-Barbuda
8%
PaysArménie
8%
PaysAzerbaïdjan
8%
PaysBahamas
8%
PaysBahreïn
8%
PaysBangladesh
8%
PaysBarbade
8%
PaysBhoutan
8%
PaysBiélorussie
8%
PaysBirmanie
8%
PaysBosnie-Herzégovine
8%
PaysBotswana
8%
PaysBrunei
8%
PaysBurkina Faso
8%
PaysBurundi
8%
PaysCambodge
8%
PaysCap-Vert
8%
PaysChili
8%
PaysChypre
8%
PaysCorée du Nord
8%
PaysCosta Rica
8%
PaysCuba
8%
PaysDominique
8%
PaysÉmirats Arabes Unis
8%
PaysÉquateur
8%
PaysÉrythrée
8%
PaysEswatini
8%
PaysÉtats Fédérés de Micronésie
8%
PaysFidji
8%
PaysFinlande
8%
PaysGabon
8%
PaysGambie
8%
PaysGéorgie
8%
PaysGrenade
8%
PaysGuatemala
8%
PaysGuinée-Bissau
8%
PaysGuinée Équatoriale
8%
PaysGuyana
8%
PaysÎles Marshall
8%
PaysÎles Salomon
8%
PaysIrak
8%
PaysIsraël
8%
PaysJamaïque
8%
PaysKazakhstan
8%
PaysKirghizistan
8%
PaysKiribati
8%
PaysKoweït
8%
PaysLesotho
8%
PaysLiban
8%
PaysLiberia
8%
PaysLiechtenstein
8%
PaysMacédoine du Nord
8%
PaysMadagascar
8%
PaysMalaisie
8%
PaysMalawi
8%
PaysMaldives
8%
PaysMaurice
8%
PaysMauritanie
8%
PaysMoldavie
8%
PaysMonténégro
8%
PaysNamibie
8%
PaysNauru
8%
PaysNépal
8%
PaysNicaragua
8%
PaysNouvelle-Zélande
8%
PaysOman
8%
PaysOuzbékistan
8%
PaysPapouasie-Nouvelle-
Guinée
8%
PaysParaguay
8%
PaysPays Mystérieux (Burkina Faso)
8%
PaysPays Mystérieux (Émirats Arabes Unis)
8%
PaysPhilippines
8%
PaysQatar
8%
PaysRépublique Centrafricaine
8%
PaysRépublique Dominicaine
8%
PaysRépublique Tchèque
8%
PaysRwanda
8%
PaysSaint-Christophe-
et-Niévès
8%
PaysSainte-Lucie
8%
PaysSaint-Marin
8%
PaysSaint-Vincent-et-les-
Grenadines
8%
PaysSalvador
8%
PaysSamoa
8%
PaysSao Tomé-et-Principe
8%
PaysSierra Leone
8%
PaysSlovénie
8%
PaysSoudan du Sud
8%
PaysSri Lanka
8%
PaysSyrie
8%
PaysTadjikistan
8%
PaysTaïwan
8%
PaysTanzanie
8%
PaysThaïlande
8%
PaysTimor Oriental
8%
PaysTonga
8%
PaysTrinité-et-Tobago
8%
PaysTurkménistan
8%
PaysTurquie
8%
PaysTuvalu
8%
PaysVanuatu
8%
PaysVatican
8%
PaysVenezuela
8%
PaysViêt Nam
8%
PaysYémen
8%
PaysZambie
8%
PaysAngola
7%
PaysAntigua-et-Barbuda
7%
PaysAzerbaïdjan
7%
PaysBahreïn
7%
PaysBangladesh
7%
PaysBarbade
7%
PaysBelize
7%
PaysBhoutan
7%
PaysBrunei
7%
PaysBurundi
7%
PaysCap-Vert
7%
PaysColombie
7%
PaysComores
7%
PaysCosta Rica
7%
PaysDjibouti
7%
PaysDominique
7%
PaysÉmirats Arabes Unis
7%
PaysÉrythrée
7%
PaysEswatini
7%
PaysÉtats Fédérés de Micronésie
7%
PaysFidji
7%
PaysGéorgie
7%
PaysGrenade
7%
PaysGuatemala
7%
PaysGuinée
7%
PaysGuinée Équatoriale
7%
PaysGuyana
7%
PaysHaïti
7%
PaysHonduras
7%
PaysÎles Marshall
7%
PaysÎles Salomon
7%
PaysIrlande
7%
PaysJamaïque
7%
PaysJordanie
7%
PaysKenya
7%
PaysKirghizistan
7%
PaysKiribati
7%
PaysKosovo
7%
PaysKoweït
7%
PaysLaos
7%
PaysLiberia
7%
PaysLiechtenstein
7%
PaysLituanie
7%
PaysMalaisie
7%
PaysMaldives
7%
PaysMaurice
7%
PaysMongolie
7%
PaysMonténégro
7%
PaysMozambique
7%
PaysNauru
7%
PaysNépal
7%
PaysNicaragua
7%
PaysOman
7%
PaysOuganda
7%
PaysPalaos
7%
PaysPapouasie-Nouvelle-
Guinée
7%
PaysPays Mystérieux (Djibouti)
7%
PaysPérou
7%
PaysPhilippines
7%
PaysQatar
7%
PaysRépublique Dominicaine
7%
PaysRépublique Tchèque
7%
PaysSaint-Christophe-
et-Niévès
7%
PaysSainte-Lucie
7%
PaysSaint-Marin
7%
PaysSaint-Vincent-et-les-
Grenadines
7%
PaysSalvador
7%
PaysSamoa
7%
PaysSao Tomé-et-Principe
7%
PaysSeychelles
7%
PaysSierra Leone
7%
PaysSingapour
7%
PaysSlovaquie
7%
PaysSuriname
7%
PaysSyrie
7%
PaysTadjikistan
7%
PaysTaïwan
7%
PaysTchad
7%
PaysTimor Oriental
7%
PaysTonga
7%
PaysTrinité-et-Tobago
7%
PaysTurkménistan
7%
PaysTuvalu
7%
PaysUkraine
7%
PaysVanuatu
7%
PaysVatican
7%
PaysAntigua-et-Barbuda
6%
PaysBahamas
6%
PaysBahreïn
6%
PaysBarbade
6%
PaysBrunei
6%
PaysCameroun
6%
PaysCorée du Sud
6%
PaysCôte d'Ivoire
6%
PaysGabon
6%
PaysGambie
6%
PaysGhana
6%
PaysGuinée-Bissau
6%
PaysHonduras
6%
PaysÎles Marshall
6%
PaysÎles Salomon
6%
PaysIslande
6%
PaysMonaco
6%
PaysNauru
6%
PaysNorvège
6%
PaysPays-Bas
6%
PaysPays Mystérieux (Zimbabwe)
6%
PaysRépublique Dominicaine
6%
PaysSaint-Christophe-
et-Niévès
6%
PaysSainte-Lucie
6%
PaysSaint-Vincent-et-les-
Grenadines
6%
PaysSalvador
6%
PaysSamoa
6%
PaysSeychelles
6%
PaysSingapour
6%
PaysSri Lanka
6%
PaysSuriname
6%
PaysTimor Oriental
6%
PaysTogo
6%
PaysTrinité-et-Tobago
6%
PaysVanuatu
6%
PaysZimbabwe
6%
PaysAlbanie
5%
PaysAutriche
5%
PaysBolivie
5%
PaysCroatie
5%
PaysÉquateur
5%
PaysEswatini
5%
PaysGrèce
5%
PaysIndonésie
5%
PaysLesotho
5%
PaysLettonie
5%
PaysLiban
5%
PaysLuxembourg
5%
PaysMadagascar
5%
PaysNigeria
5%
PaysOuganda
5%
PaysPakistan
5%
PaysPanama
5%
PaysRépublique Centrafricaine
5%
PaysSerbie
5%
PaysSlovénie
5%
PaysSoudan du Sud
5%
PaysThaïlande
5%
PaysAfghanistan
4%
Pays Andorre
4%
PaysArabie Saoudite
4%
PaysArménie
4%
PaysBénin
4%
PaysBiélorussie
4%
PaysBirmanie
4%
PaysBotswana
4%
PaysBulgarie
4%
PaysCambodge
4%
PaysComores
4%
PaysCorée du Nord
4%
PaysCuba
4%
PaysDjibouti
4%
PaysÉmirats Arabes Unis
4%
PaysGuyana
4%
PaysHongrie
4%
PaysIrak
4%
PaysIran
4%
PaysIsraël
4%
PaysJamaïque
4%
PaysKazakhstan
4%
PaysKosovo
4%
PaysLaos
4%
PaysLiberia
4%
PaysMacédoine du Nord
4%
PaysMalaisie
4%
PaysMalawi
4%
PaysMalte
4%
PaysMaurice
4%
PaysMoldavie
4%
PaysNépal
4%
PaysNouvelle-Zélande
4%
PaysPalaos
4%
PaysParaguay
4%
PaysPhilippines
4%
PaysQatar
4%
PaysRoumanie
4%
PaysRwanda
4%
PaysSalvador
4%
PaysSeychelles
4%
PaysSlovaquie
4%
PaysUruguay
4%
PaysVatican
4%
PaysVenezuela
4%
PaysViêt Nam
4%
PaysAzerbaïdjan
3%
PaysBahamas
3%
PaysBahreïn
3%
PaysBangladesh
3%
PaysBarbade
3%
PaysBelize
3%
PaysBhoutan
3%
PaysBosnie-Herzégovine
3%
PaysBrunei
3%
PaysBurkina Faso
3%
PaysBurundi
3%
PaysCap-Vert
3%
PaysChypre
3%
PaysCosta Rica
3%
PaysDominique
3%
PaysÉtats Fédérés de Micronésie
3%
PaysFidji
3%
PaysGéorgie
3%
PaysGrenade
3%
PaysGuatemala
3%
PaysGuinée-Bissau
3%
PaysGuinée Équatoriale
3%
PaysHaïti
3%
PaysHonduras
3%
PaysÎles Salomon
3%
PaysJordanie
3%
PaysKirghizistan
3%
PaysKiribati
3%
PaysKoweït
3%
PaysLiechtenstein
3%
PaysMaldives
3%
PaysMonténégro
3%
PaysNauru
3%
PaysNicaragua
3%
PaysOman
3%
PaysOuzbékistan
3%
PaysPapouasie-Nouvelle-
Guinée
3%
PaysRépublique Dominicaine
3%
PaysRépublique Tchèque
3%
PaysSainte-Lucie
3%
PaysSaint-Marin
3%
PaysSamoa
3%
PaysSingapour
3%
PaysSri Lanka
3%
PaysTaïwan
3%
PaysTimor Oriental
3%
PaysTonga
3%
PaysTrinité-et-Tobago
3%
PaysTurkménistan
3%
PaysTuvalu
3%
PaysVanuatu
3%
PaysYémen
3%
PaysAntigua-et-Barbuda
2%
PaysÎles Marshall
2%
PaysSaint-Christophe-
et-Niévès
2%
PaysSaint-Vincent-et-les-
Grenadines
2%
PaysSao Tomé-et-Principe
2%
PaysTadjikistan
2%

Distribution des résultats

Percentile par nombre de réponses

% des personnes avec chaque résultat

Votre développement - résultats

Vous n’avez pas pris ce quiz